<?xml version="1.0" encoding="UTF-8"?>
<record
    xmlns:xsi="http://www.w3.org/2001/XMLSchema-instance"
    xsi:schemaLocation="http://www.loc.gov/MARC21/slim http://www.loc.gov/standards/marcxml/schema/MARC21slim.xsd"
    xmlns="http://www.loc.gov/MARC21/slim">

  <leader>00561nam a22002177a 4500</leader>
  <controlfield tag="003">OSt</controlfield>
  <controlfield tag="005">20240212125446.0</controlfield>
  <controlfield tag="008">240212b        |||||||| |||| 00| 0 eng d</controlfield>
  <datafield tag="020" ind1=" " ind2=" ">
    <subfield code="a">978--93-87034-47-1</subfield>
  </datafield>
  <datafield tag="040" ind1=" " ind2=" ">
    <subfield code="c">Trident</subfield>
  </datafield>
  <datafield tag="082" ind1=" " ind2=" ">
    <subfield code="a">170</subfield>
    <subfield code="b">GAU</subfield>
  </datafield>
  <datafield tag="100" ind1=" " ind2=" ">
    <subfield code="a">R R GAUR</subfield>
    <subfield code="9">45367</subfield>
  </datafield>
  <datafield tag="245" ind1=" " ind2=" ">
    <subfield code="a">A foundation course in HUMAN VALUES and professional ethics</subfield>
  </datafield>
  <datafield tag="250" ind1=" " ind2=" ">
    <subfield code="a">2nd</subfield>
  </datafield>
  <datafield tag="260" ind1=" " ind2=" ">
    <subfield code="a">New Delhi</subfield>
    <subfield code="b">Excel Books</subfield>
    <subfield code="c">2019</subfield>
  </datafield>
  <datafield tag="300" ind1=" " ind2=" ">
    <subfield code="a">XXIII;348</subfield>
  </datafield>
  <datafield tag="500" ind1=" " ind2=" ">
    <subfield code="a">Quantity-72</subfield>
  </datafield>
  <datafield tag="650" ind1=" " ind2=" ">
    <subfield code="a">English</subfield>
  </datafield>
  <datafield tag="700" ind1=" " ind2=" ">
    <subfield code="a">R Asthana, G P Bagaria</subfield>
    <subfield code="9">45368</subfield>
  </datafield>
  <datafield tag="942" ind1=" " ind2=" ">
    <subfield code="2">ddc</subfield>
    <subfield code="c">BK</subfield>
    <subfield code="n">0</subfield>
  </datafield>
  <datafield tag="952" ind1=" " ind2=" ">
    <subfield code="0">0</subfield>
    <subfield code="1">0</subfield>
    <subfield code="2">ddc</subfield>
    <subfield code="4">0</subfield>
    <subfield code="7">0</subfield>
    <subfield code="a">TATCL</subfield>
    <subfield code="b">TATCL</subfield>
    <subfield code="c">GEN</subfield>
    <subfield code="d">2024-02-12</subfield>
    <subfield code="l">0</subfield>
    <subfield code="o">170 GAU</subfield>
    <subfield code="p">60764</subfield>
    <subfield code="r">2024-02-12</subfield>
    <subfield code="w">2024-02-12</subfield>
    <subfield code="y">BK</subfield>
  </datafield>
  <datafield tag="952" ind1=" " ind2=" ">
    <subfield code="0">0</subfield>
    <subfield code="1">0</subfield>
    <subfield code="2">ddc</subfield>
    <subfield code="4">0</subfield>
    <subfield code="7">0</subfield>
    <subfield code="a">TATCL</subfield>
    <subfield code="b">TATCL</subfield>
    <subfield code="d">2024-02-12</subfield>
    <subfield code="l">3</subfield>
    <subfield code="o">170 GAU</subfield>
    <subfield code="p">60765</subfield>
    <subfield code="r">2026-06-08</subfield>
    <subfield code="s">2026-02-18</subfield>
    <subfield code="w">2024-02-12</subfield>
    <subfield code="y">BK</subfield>
  </datafield>
  <datafield tag="952" ind1=" " ind2=" ">
    <subfield code="0">0</subfield>
    <subfield code="1">0</subfield>
    <subfield code="2">ddc</subfield>
    <subfield code="4">0</subfield>
    <subfield code="7">0</subfield>
    <subfield code="a">TATCL</subfield>
    <subfield code="b">TATCL</subfield>
    <subfield code="d">2024-02-12</subfield>
    <subfield code="l">5</subfield>
    <subfield code="o">170 GAU</subfield>
    <subfield code="p">60931</subfield>
    <subfield code="r">2026-06-08</subfield>
    <subfield code="s">2026-02-19</subfield>
    <subfield code="w">2024-02-12</subfield>
    <subfield code="y">BK</subfield>
  </datafield>
  <datafield tag="952" ind1=" " ind2=" ">
    <subfield code="0">0</subfield>
    <subfield code="1">0</subfield>
    <subfield code="2">ddc</subfield>
    <subfield code="4">0</subfield>
    <subfield code="7">0</subfield>
    <subfield code="a">TATCL</subfield>
    <subfield code="b">TATCL</subfield>
    <subfield code="d">2024-02-12</subfield>
    <subfield code="l">4</subfield>
    <subfield code="o">170 GAU</subfield>
    <subfield code="p">60932</subfield>
    <subfield code="r">2026-03-09</subfield>
    <subfield code="s">2025-09-18</subfield>
    <subfield code="w">2024-02-12</subfield>
    <subfield code="y">BK</subfield>
  </datafield>
  <datafield tag="952" ind1=" " ind2=" ">
    <subfield code="0">0</subfield>
    <subfield code="1">0</subfield>
    <subfield code="2">ddc</subfield>
    <subfield code="4">0</subfield>
    <subfield code="7">0</subfield>
    <subfield code="a">TATCL</subfield>
    <subfield code="b">TATCL</subfield>
    <subfield code="d">2024-02-12</subfield>
    <subfield code="l">4</subfield>
    <subfield code="o">170 GAU</subfield>
    <subfield code="p">61115</subfield>
    <subfield code="r">2026-06-08</subfield>
    <subfield code="s">2026-03-13</subfield>
    <subfield code="w">2024-02-12</subfield>
    <subfield code="y">BK</subfield>
  </datafield>
  <datafield tag="952" ind1=" " ind2=" ">
    <subfield code="0">0</subfield>
    <subfield code="1">0</subfield>
    <subfield code="2">ddc</subfield>
    <subfield code="4">0</subfield>
    <subfield code="7">0</subfield>
    <subfield code="a">TATCL</subfield>
    <subfield code="b">TATCL</subfield>
    <subfield code="d">2024-02-12</subfield>
    <subfield code="l">1</subfield>
    <subfield code="o">170 GAU</subfield>
    <subfield code="p">61116</subfield>
    <subfield code="r">2024-03-18</subfield>
    <subfield code="s">2024-02-15</subfield>
    <subfield code="w">2024-02-12</subfield>
    <subfield code="y">BK</subfield>
  </datafield>
  <datafield tag="952" ind1=" " ind2=" ">
    <subfield code="0">0</subfield>
    <subfield code="1">0</subfield>
    <subfield code="2">ddc</subfield>
    <subfield code="4">0</subfield>
    <subfield code="7">0</subfield>
    <subfield code="a">TATCL</subfield>
    <subfield code="b">TATCL</subfield>
    <subfield code="d">2024-02-12</subfield>
    <subfield code="l">3</subfield>
    <subfield code="o">170 GAU</subfield>
    <subfield code="p">61117</subfield>
    <subfield code="r">2026-03-19</subfield>
    <subfield code="s">2025-09-18</subfield>
    <subfield code="w">2024-02-12</subfield>
    <subfield code="y">BK</subfield>
  </datafield>
  <datafield tag="952" ind1=" " ind2=" ">
    <subfield code="0">0</subfield>
    <subfield code="1">0</subfield>
    <subfield code="2">ddc</subfield>
    <subfield code="4">0</subfield>
    <subfield code="7">0</subfield>
    <subfield code="a">TATCL</subfield>
    <subfield code="b">TATCL</subfield>
    <subfield code="d">2024-02-12</subfield>
    <subfield code="l">2</subfield>
    <subfield code="o">170 GAU</subfield>
    <subfield code="p">61118</subfield>
    <subfield code="r">2026-03-11</subfield>
    <subfield code="s">2025-03-03</subfield>
    <subfield code="w">2024-02-12</subfield>
    <subfield code="y">BK</subfield>
  </datafield>
  <datafield tag="952" ind1=" " ind2=" ">
    <subfield code="0">0</subfield>
    <subfield code="1">0</subfield>
    <subfield code="2">ddc</subfield>
    <subfield code="4">0</subfield>
    <subfield code="7">0</subfield>
    <subfield code="a">TATCL</subfield>
    <subfield code="b">TATCL</subfield>
    <subfield code="d">2024-02-12</subfield>
    <subfield code="l">4</subfield>
    <subfield code="o">170 GAU</subfield>
    <subfield code="p">61119</subfield>
    <subfield code="r">2026-06-08</subfield>
    <subfield code="s">2026-03-09</subfield>
    <subfield code="w">2024-02-12</subfield>
    <subfield code="y">BK</subfield>
  </datafield>
  <datafield tag="952" ind1=" " ind2=" ">
    <subfield code="0">0</subfield>
    <subfield code="1">0</subfield>
    <subfield code="2">ddc</subfield>
    <subfield code="4">0</subfield>
    <subfield code="7">0</subfield>
    <subfield code="a">TATCL</subfield>
    <subfield code="b">TATCL</subfield>
    <subfield code="d">2024-02-12</subfield>
    <subfield code="l">3</subfield>
    <subfield code="o">170 GAU</subfield>
    <subfield code="p">61120</subfield>
    <subfield code="q">2025-10-29</subfield>
    <subfield code="r">2025-04-02</subfield>
    <subfield code="s">2025-04-02</subfield>
    <subfield code="w">2024-02-12</subfield>
    <subfield code="y">BK</subfield>
  </datafield>
  <datafield tag="952" ind1=" " ind2=" ">
    <subfield code="0">0</subfield>
    <subfield code="1">0</subfield>
    <subfield code="2">ddc</subfield>
    <subfield code="4">0</subfield>
    <subfield code="7">0</subfield>
    <subfield code="a">TATCL</subfield>
    <subfield code="b">TATCL</subfield>
    <subfield code="d">2024-02-12</subfield>
    <subfield code="l">4</subfield>
    <subfield code="o">170 GAU</subfield>
    <subfield code="p">61121</subfield>
    <subfield code="q">2026-10-02</subfield>
    <subfield code="r">2026-03-06</subfield>
    <subfield code="s">2026-03-06</subfield>
    <subfield code="w">2024-02-12</subfield>
    <subfield code="y">BK</subfield>
  </datafield>
  <datafield tag="952" ind1=" " ind2=" ">
    <subfield code="0">0</subfield>
    <subfield code="1">0</subfield>
    <subfield code="2">ddc</subfield>
    <subfield code="4">0</subfield>
    <subfield code="7">0</subfield>
    <subfield code="a">TATCL</subfield>
    <subfield code="b">TATCL</subfield>
    <subfield code="d">2024-02-12</subfield>
    <subfield code="l">3</subfield>
    <subfield code="o">170 GAU</subfield>
    <subfield code="p">61122</subfield>
    <subfield code="q">2026-09-07</subfield>
    <subfield code="r">2026-02-09</subfield>
    <subfield code="s">2026-02-09</subfield>
    <subfield code="w">2024-02-12</subfield>
    <subfield code="y">BK</subfield>
  </datafield>
  <datafield tag="952" ind1=" " ind2=" ">
    <subfield code="0">0</subfield>
    <subfield code="1">0</subfield>
    <subfield code="2">ddc</subfield>
    <subfield code="4">0</subfield>
    <subfield code="7">0</subfield>
    <subfield code="a">TATCL</subfield>
    <subfield code="b">TATCL</subfield>
    <subfield code="d">2024-02-12</subfield>
    <subfield code="l">3</subfield>
    <subfield code="o">170 GAU</subfield>
    <subfield code="p">61123</subfield>
    <subfield code="r">2026-03-20</subfield>
    <subfield code="s">2025-09-18</subfield>
    <subfield code="w">2024-02-12</subfield>
    <subfield code="y">BK</subfield>
  </datafield>
  <datafield tag="952" ind1=" " ind2=" ">
    <subfield code="0">0</subfield>
    <subfield code="1">0</subfield>
    <subfield code="2">ddc</subfield>
    <subfield code="4">0</subfield>
    <subfield code="7">0</subfield>
    <subfield code="a">TATCL</subfield>
    <subfield code="b">TATCL</subfield>
    <subfield code="d">2024-02-12</subfield>
    <subfield code="l">2</subfield>
    <subfield code="o">170 GAU</subfield>
    <subfield code="p">61124</subfield>
    <subfield code="q">2025-09-18</subfield>
    <subfield code="r">2025-02-20</subfield>
    <subfield code="s">2025-02-20</subfield>
    <subfield code="w">2024-02-12</subfield>
    <subfield code="y">BK</subfield>
  </datafield>
  <datafield tag="952" ind1=" " ind2=" ">
    <subfield code="0">0</subfield>
    <subfield code="1">0</subfield>
    <subfield code="2">ddc</subfield>
    <subfield code="4">0</subfield>
    <subfield code="7">0</subfield>
    <subfield code="a">TATCL</subfield>
    <subfield code="b">TATCL</subfield>
    <subfield code="d">2024-02-12</subfield>
    <subfield code="l">6</subfield>
    <subfield code="o">170 GAU</subfield>
    <subfield code="p">61125</subfield>
    <subfield code="r">2026-06-08</subfield>
    <subfield code="s">2026-03-17</subfield>
    <subfield code="w">2024-02-12</subfield>
    <subfield code="y">BK</subfield>
  </datafield>
  <datafield tag="952" ind1=" " ind2=" ">
    <subfield code="0">0</subfield>
    <subfield code="1">0</subfield>
    <subfield code="2">ddc</subfield>
    <subfield code="4">0</subfield>
    <subfield code="7">0</subfield>
    <subfield code="a">TATCL</subfield>
    <subfield code="b">TATCL</subfield>
    <subfield code="d">2024-02-12</subfield>
    <subfield code="l">3</subfield>
    <subfield code="o">170 GAU</subfield>
    <subfield code="p">61126</subfield>
    <subfield code="r">2026-06-08</subfield>
    <subfield code="s">2025-09-17</subfield>
    <subfield code="w">2024-02-12</subfield>
    <subfield code="y">BK</subfield>
  </datafield>
  <datafield tag="952" ind1=" " ind2=" ">
    <subfield code="0">0</subfield>
    <subfield code="1">0</subfield>
    <subfield code="2">ddc</subfield>
    <subfield code="4">0</subfield>
    <subfield code="7">0</subfield>
    <subfield code="a">TATCL</subfield>
    <subfield code="b">TATCL</subfield>
    <subfield code="d">2024-02-12</subfield>
    <subfield code="l">0</subfield>
    <subfield code="o">170 GAU</subfield>
    <subfield code="p">61127</subfield>
    <subfield code="r">2024-02-12</subfield>
    <subfield code="w">2024-02-12</subfield>
    <subfield code="y">BK</subfield>
  </datafield>
  <datafield tag="952" ind1=" " ind2=" ">
    <subfield code="0">0</subfield>
    <subfield code="1">0</subfield>
    <subfield code="2">ddc</subfield>
    <subfield code="4">0</subfield>
    <subfield code="7">0</subfield>
    <subfield code="a">TATCL</subfield>
    <subfield code="b">TATCL</subfield>
    <subfield code="d">2024-02-12</subfield>
    <subfield code="l">5</subfield>
    <subfield code="o">170 GAU</subfield>
    <subfield code="p">61128</subfield>
    <subfield code="r">2026-06-08</subfield>
    <subfield code="s">2026-02-13</subfield>
    <subfield code="w">2024-02-12</subfield>
    <subfield code="y">BK</subfield>
  </datafield>
  <datafield tag="952" ind1=" " ind2=" ">
    <subfield code="0">0</subfield>
    <subfield code="1">0</subfield>
    <subfield code="2">ddc</subfield>
    <subfield code="4">0</subfield>
    <subfield code="7">0</subfield>
    <subfield code="a">TATCL</subfield>
    <subfield code="b">TATCL</subfield>
    <subfield code="d">2024-02-12</subfield>
    <subfield code="l">5</subfield>
    <subfield code="o">170 GAU</subfield>
    <subfield code="p">61129</subfield>
    <subfield code="r">2026-05-02</subfield>
    <subfield code="s">2025-09-16</subfield>
    <subfield code="w">2024-02-12</subfield>
    <subfield code="y">BK</subfield>
  </datafield>
  <datafield tag="952" ind1=" " ind2=" ">
    <subfield code="0">0</subfield>
    <subfield code="1">0</subfield>
    <subfield code="2">ddc</subfield>
    <subfield code="4">0</subfield>
    <subfield code="7">0</subfield>
    <subfield code="a">TATCL</subfield>
    <subfield code="b">TATCL</subfield>
    <subfield code="d">2024-02-12</subfield>
    <subfield code="l">2</subfield>
    <subfield code="o">170 GAU</subfield>
    <subfield code="p">61130</subfield>
    <subfield code="q">2024-09-26</subfield>
    <subfield code="r">2024-02-29</subfield>
    <subfield code="s">2024-02-29</subfield>
    <subfield code="w">2024-02-12</subfield>
    <subfield code="y">BK</subfield>
  </datafield>
  <datafield tag="952" ind1=" " ind2=" ">
    <subfield code="0">0</subfield>
    <subfield code="1">0</subfield>
    <subfield code="2">ddc</subfield>
    <subfield code="4">0</subfield>
    <subfield code="7">0</subfield>
    <subfield code="a">TATCL</subfield>
    <subfield code="b">TATCL</subfield>
    <subfield code="d">2024-02-12</subfield>
    <subfield code="l">5</subfield>
    <subfield code="o">170 GAU</subfield>
    <subfield code="p">61131</subfield>
    <subfield code="r">2026-06-08</subfield>
    <subfield code="s">2026-03-13</subfield>
    <subfield code="w">2024-02-12</subfield>
    <subfield code="y">BK</subfield>
  </datafield>
  <datafield tag="952" ind1=" " ind2=" ">
    <subfield code="0">0</subfield>
    <subfield code="1">0</subfield>
    <subfield code="2">ddc</subfield>
    <subfield code="4">0</subfield>
    <subfield code="7">0</subfield>
    <subfield code="a">TATCL</subfield>
    <subfield code="b">TATCL</subfield>
    <subfield code="d">2024-02-12</subfield>
    <subfield code="l">1</subfield>
    <subfield code="o">170 GAU</subfield>
    <subfield code="p">61132</subfield>
    <subfield code="q">2024-09-12</subfield>
    <subfield code="r">2024-02-15</subfield>
    <subfield code="s">2024-02-15</subfield>
    <subfield code="w">2024-02-12</subfield>
    <subfield code="y">BK</subfield>
  </datafield>
  <datafield tag="952" ind1=" " ind2=" ">
    <subfield code="0">0</subfield>
    <subfield code="1">0</subfield>
    <subfield code="2">ddc</subfield>
    <subfield code="4">0</subfield>
    <subfield code="7">0</subfield>
    <subfield code="a">TATCL</subfield>
    <subfield code="b">TATCL</subfield>
    <subfield code="d">2024-02-12</subfield>
    <subfield code="l">2</subfield>
    <subfield code="o">170 GAU</subfield>
    <subfield code="p">61133</subfield>
    <subfield code="q">2025-04-17</subfield>
    <subfield code="r">2024-09-19</subfield>
    <subfield code="s">2024-09-19</subfield>
    <subfield code="w">2024-02-12</subfield>
    <subfield code="y">BK</subfield>
  </datafield>
  <datafield tag="952" ind1=" " ind2=" ">
    <subfield code="0">0</subfield>
    <subfield code="1">0</subfield>
    <subfield code="2">ddc</subfield>
    <subfield code="4">0</subfield>
    <subfield code="7">0</subfield>
    <subfield code="a">TATCL</subfield>
    <subfield code="b">TATCL</subfield>
    <subfield code="d">2024-02-12</subfield>
    <subfield code="l">4</subfield>
    <subfield code="o">170 GAU</subfield>
    <subfield code="p">61134</subfield>
    <subfield code="q">2026-04-15</subfield>
    <subfield code="r">2025-09-17</subfield>
    <subfield code="s">2025-09-17</subfield>
    <subfield code="w">2024-02-12</subfield>
    <subfield code="y">BK</subfield>
  </datafield>
  <datafield tag="952" ind1=" " ind2=" ">
    <subfield code="0">0</subfield>
    <subfield code="1">0</subfield>
    <subfield code="2">ddc</subfield>
    <subfield code="4">0</subfield>
    <subfield code="7">0</subfield>
    <subfield code="a">TATCL</subfield>
    <subfield code="b">TATCL</subfield>
    <subfield code="d">2024-02-12</subfield>
    <subfield code="l">5</subfield>
    <subfield code="o">170 GAU</subfield>
    <subfield code="p">61135</subfield>
    <subfield code="r">2026-06-08</subfield>
    <subfield code="s">2026-02-09</subfield>
    <subfield code="w">2024-02-12</subfield>
    <subfield code="y">BK</subfield>
  </datafield>
  <datafield tag="952" ind1=" " ind2=" ">
    <subfield code="0">0</subfield>
    <subfield code="1">0</subfield>
    <subfield code="2">ddc</subfield>
    <subfield code="4">0</subfield>
    <subfield code="7">0</subfield>
    <subfield code="a">TATCL</subfield>
    <subfield code="b">TATCL</subfield>
    <subfield code="d">2024-02-12</subfield>
    <subfield code="l">4</subfield>
    <subfield code="o">170 GAU</subfield>
    <subfield code="p">61136</subfield>
    <subfield code="r">2026-06-08</subfield>
    <subfield code="s">2025-09-19</subfield>
    <subfield code="w">2024-02-12</subfield>
    <subfield code="y">BK</subfield>
  </datafield>
  <datafield tag="952" ind1=" " ind2=" ">
    <subfield code="0">0</subfield>
    <subfield code="1">0</subfield>
    <subfield code="2">ddc</subfield>
    <subfield code="4">0</subfield>
    <subfield code="7">0</subfield>
    <subfield code="a">TATCL</subfield>
    <subfield code="b">TATCL</subfield>
    <subfield code="d">2024-02-12</subfield>
    <subfield code="l">2</subfield>
    <subfield code="o">170 GAU</subfield>
    <subfield code="p">61137</subfield>
    <subfield code="q">2026-04-17</subfield>
    <subfield code="r">2025-09-19</subfield>
    <subfield code="s">2025-09-19</subfield>
    <subfield code="w">2024-02-12</subfield>
    <subfield code="y">BK</subfield>
  </datafield>
  <datafield tag="952" ind1=" " ind2=" ">
    <subfield code="0">0</subfield>
    <subfield code="1">0</subfield>
    <subfield code="2">ddc</subfield>
    <subfield code="4">0</subfield>
    <subfield code="7">0</subfield>
    <subfield code="a">TATCL</subfield>
    <subfield code="b">TATCL</subfield>
    <subfield code="d">2024-02-12</subfield>
    <subfield code="l">5</subfield>
    <subfield code="o">170 GAU</subfield>
    <subfield code="p">61138</subfield>
    <subfield code="r">2026-06-08</subfield>
    <subfield code="s">2026-02-10</subfield>
    <subfield code="w">2024-02-12</subfield>
    <subfield code="y">BK</subfield>
  </datafield>
  <datafield tag="952" ind1=" " ind2=" ">
    <subfield code="0">0</subfield>
    <subfield code="1">0</subfield>
    <subfield code="2">ddc</subfield>
    <subfield code="4">0</subfield>
    <subfield code="7">0</subfield>
    <subfield code="a">TATCL</subfield>
    <subfield code="b">TATCL</subfield>
    <subfield code="d">2024-02-12</subfield>
    <subfield code="l">5</subfield>
    <subfield code="o">170 GAU</subfield>
    <subfield code="p">61139</subfield>
    <subfield code="q">2026-09-15</subfield>
    <subfield code="r">2026-02-17</subfield>
    <subfield code="s">2026-02-17</subfield>
    <subfield code="w">2024-02-12</subfield>
    <subfield code="y">BK</subfield>
  </datafield>
  <datafield tag="952" ind1=" " ind2=" ">
    <subfield code="0">0</subfield>
    <subfield code="1">0</subfield>
    <subfield code="2">ddc</subfield>
    <subfield code="4">0</subfield>
    <subfield code="7">0</subfield>
    <subfield code="a">TATCL</subfield>
    <subfield code="b">TATCL</subfield>
    <subfield code="d">2024-02-12</subfield>
    <subfield code="l">5</subfield>
    <subfield code="o">170 GAU</subfield>
    <subfield code="p">61140</subfield>
    <subfield code="q">2026-09-17</subfield>
    <subfield code="r">2026-02-19</subfield>
    <subfield code="s">2026-02-19</subfield>
    <subfield code="w">2024-02-12</subfield>
    <subfield code="y">BK</subfield>
  </datafield>
  <datafield tag="952" ind1=" " ind2=" ">
    <subfield code="0">0</subfield>
    <subfield code="1">0</subfield>
    <subfield code="2">ddc</subfield>
    <subfield code="4">0</subfield>
    <subfield code="7">0</subfield>
    <subfield code="a">TATCL</subfield>
    <subfield code="b">TATCL</subfield>
    <subfield code="d">2024-02-12</subfield>
    <subfield code="l">4</subfield>
    <subfield code="o">170 GAU</subfield>
    <subfield code="p">61141</subfield>
    <subfield code="q">2026-04-17</subfield>
    <subfield code="r">2025-09-19</subfield>
    <subfield code="s">2025-09-19</subfield>
    <subfield code="w">2024-02-12</subfield>
    <subfield code="y">BK</subfield>
  </datafield>
  <datafield tag="952" ind1=" " ind2=" ">
    <subfield code="0">0</subfield>
    <subfield code="1">0</subfield>
    <subfield code="2">ddc</subfield>
    <subfield code="4">0</subfield>
    <subfield code="7">0</subfield>
    <subfield code="a">TATCL</subfield>
    <subfield code="b">TATCL</subfield>
    <subfield code="d">2024-02-12</subfield>
    <subfield code="l">2</subfield>
    <subfield code="o">170 GAU</subfield>
    <subfield code="p">61142</subfield>
    <subfield code="r">2024-05-29</subfield>
    <subfield code="s">2024-04-15</subfield>
    <subfield code="w">2024-02-12</subfield>
    <subfield code="y">BK</subfield>
  </datafield>
  <datafield tag="952" ind1=" " ind2=" ">
    <subfield code="0">0</subfield>
    <subfield code="1">0</subfield>
    <subfield code="2">ddc</subfield>
    <subfield code="4">0</subfield>
    <subfield code="7">0</subfield>
    <subfield code="a">TATCL</subfield>
    <subfield code="b">TATCL</subfield>
    <subfield code="d">2024-02-12</subfield>
    <subfield code="l">4</subfield>
    <subfield code="o">170 GAU</subfield>
    <subfield code="p">61143</subfield>
    <subfield code="r">2026-06-08</subfield>
    <subfield code="s">2026-03-16</subfield>
    <subfield code="w">2024-02-12</subfield>
    <subfield code="y">BK</subfield>
  </datafield>
  <datafield tag="952" ind1=" " ind2=" ">
    <subfield code="0">0</subfield>
    <subfield code="1">0</subfield>
    <subfield code="2">ddc</subfield>
    <subfield code="4">0</subfield>
    <subfield code="7">0</subfield>
    <subfield code="a">TATCL</subfield>
    <subfield code="b">TATCL</subfield>
    <subfield code="d">2024-02-12</subfield>
    <subfield code="l">4</subfield>
    <subfield code="o">170 GAU</subfield>
    <subfield code="p">61144</subfield>
    <subfield code="q">2026-04-17</subfield>
    <subfield code="r">2025-09-19</subfield>
    <subfield code="s">2025-09-19</subfield>
    <subfield code="w">2024-02-12</subfield>
    <subfield code="y">BK</subfield>
  </datafield>
  <datafield tag="952" ind1=" " ind2=" ">
    <subfield code="0">0</subfield>
    <subfield code="1">0</subfield>
    <subfield code="2">ddc</subfield>
    <subfield code="4">0</subfield>
    <subfield code="7">0</subfield>
    <subfield code="a">TATCL</subfield>
    <subfield code="b">TATCL</subfield>
    <subfield code="d">2024-02-12</subfield>
    <subfield code="l">3</subfield>
    <subfield code="o">170 GAU</subfield>
    <subfield code="p">61145</subfield>
    <subfield code="r">2026-03-17</subfield>
    <subfield code="s">2025-09-19</subfield>
    <subfield code="w">2024-02-12</subfield>
    <subfield code="y">BK</subfield>
  </datafield>
  <datafield tag="952" ind1=" " ind2=" ">
    <subfield code="0">0</subfield>
    <subfield code="1">0</subfield>
    <subfield code="2">ddc</subfield>
    <subfield code="4">0</subfield>
    <subfield code="7">0</subfield>
    <subfield code="a">TATCL</subfield>
    <subfield code="b">TATCL</subfield>
    <subfield code="d">2024-02-12</subfield>
    <subfield code="l">3</subfield>
    <subfield code="o">170 GAU</subfield>
    <subfield code="p">61146</subfield>
    <subfield code="q">2025-09-15</subfield>
    <subfield code="r">2025-02-17</subfield>
    <subfield code="s">2025-02-17</subfield>
    <subfield code="w">2024-02-12</subfield>
    <subfield code="y">BK</subfield>
  </datafield>
  <datafield tag="952" ind1=" " ind2=" ">
    <subfield code="0">0</subfield>
    <subfield code="1">0</subfield>
    <subfield code="2">ddc</subfield>
    <subfield code="4">0</subfield>
    <subfield code="7">0</subfield>
    <subfield code="a">TATCL</subfield>
    <subfield code="b">TATCL</subfield>
    <subfield code="d">2024-02-12</subfield>
    <subfield code="l">4</subfield>
    <subfield code="o">170 GAU</subfield>
    <subfield code="p">61147</subfield>
    <subfield code="r">2026-02-23</subfield>
    <subfield code="s">2025-09-24</subfield>
    <subfield code="w">2024-02-12</subfield>
    <subfield code="y">BK</subfield>
  </datafield>
  <datafield tag="952" ind1=" " ind2=" ">
    <subfield code="0">0</subfield>
    <subfield code="1">0</subfield>
    <subfield code="2">ddc</subfield>
    <subfield code="4">0</subfield>
    <subfield code="7">0</subfield>
    <subfield code="a">TATCL</subfield>
    <subfield code="b">TATCL</subfield>
    <subfield code="d">2024-02-12</subfield>
    <subfield code="l">3</subfield>
    <subfield code="o">170 GAU</subfield>
    <subfield code="p">61148</subfield>
    <subfield code="q">2026-04-17</subfield>
    <subfield code="r">2025-09-19</subfield>
    <subfield code="s">2025-09-19</subfield>
    <subfield code="w">2024-02-12</subfield>
    <subfield code="y">BK</subfield>
  </datafield>
  <datafield tag="952" ind1=" " ind2=" ">
    <subfield code="0">0</subfield>
    <subfield code="1">0</subfield>
    <subfield code="2">ddc</subfield>
    <subfield code="4">0</subfield>
    <subfield code="7">0</subfield>
    <subfield code="a">TATCL</subfield>
    <subfield code="b">TATCL</subfield>
    <subfield code="d">2024-02-12</subfield>
    <subfield code="l">3</subfield>
    <subfield code="o">170 GAU</subfield>
    <subfield code="p">61149</subfield>
    <subfield code="q">2025-10-22</subfield>
    <subfield code="r">2025-03-26</subfield>
    <subfield code="s">2025-03-26</subfield>
    <subfield code="w">2024-02-12</subfield>
    <subfield code="y">BK</subfield>
  </datafield>
  <datafield tag="952" ind1=" " ind2=" ">
    <subfield code="0">0</subfield>
    <subfield code="1">0</subfield>
    <subfield code="2">ddc</subfield>
    <subfield code="4">0</subfield>
    <subfield code="7">0</subfield>
    <subfield code="a">TATCL</subfield>
    <subfield code="b">TATCL</subfield>
    <subfield code="d">2024-02-12</subfield>
    <subfield code="l">0</subfield>
    <subfield code="o">170 GAU</subfield>
    <subfield code="p">61150</subfield>
    <subfield code="r">2024-02-12</subfield>
    <subfield code="w">2024-02-12</subfield>
    <subfield code="y">BK</subfield>
  </datafield>
  <datafield tag="952" ind1=" " ind2=" ">
    <subfield code="0">0</subfield>
    <subfield code="1">0</subfield>
    <subfield code="2">ddc</subfield>
    <subfield code="4">0</subfield>
    <subfield code="7">0</subfield>
    <subfield code="a">TATCL</subfield>
    <subfield code="b">TATCL</subfield>
    <subfield code="d">2024-02-12</subfield>
    <subfield code="l">4</subfield>
    <subfield code="o">170 GAU</subfield>
    <subfield code="p">61151</subfield>
    <subfield code="q">2026-10-16</subfield>
    <subfield code="r">2026-03-20</subfield>
    <subfield code="s">2026-03-20</subfield>
    <subfield code="w">2024-02-12</subfield>
    <subfield code="y">BK</subfield>
  </datafield>
  <datafield tag="952" ind1=" " ind2=" ">
    <subfield code="0">0</subfield>
    <subfield code="1">0</subfield>
    <subfield code="2">ddc</subfield>
    <subfield code="4">0</subfield>
    <subfield code="7">0</subfield>
    <subfield code="a">TATCL</subfield>
    <subfield code="b">TATCL</subfield>
    <subfield code="d">2024-02-12</subfield>
    <subfield code="l">4</subfield>
    <subfield code="o">170 GAU</subfield>
    <subfield code="p">61152</subfield>
    <subfield code="q">2026-04-17</subfield>
    <subfield code="r">2025-09-19</subfield>
    <subfield code="s">2025-09-19</subfield>
    <subfield code="w">2024-02-12</subfield>
    <subfield code="y">BK</subfield>
  </datafield>
  <datafield tag="952" ind1=" " ind2=" ">
    <subfield code="0">0</subfield>
    <subfield code="1">0</subfield>
    <subfield code="2">ddc</subfield>
    <subfield code="4">0</subfield>
    <subfield code="7">0</subfield>
    <subfield code="a">TATCL</subfield>
    <subfield code="b">TATCL</subfield>
    <subfield code="d">2024-02-12</subfield>
    <subfield code="l">2</subfield>
    <subfield code="o">170 GAU</subfield>
    <subfield code="p">61153</subfield>
    <subfield code="q">2025-10-04</subfield>
    <subfield code="r">2025-03-08</subfield>
    <subfield code="s">2025-03-08</subfield>
    <subfield code="w">2024-02-12</subfield>
    <subfield code="y">BK</subfield>
  </datafield>
  <datafield tag="952" ind1=" " ind2=" ">
    <subfield code="0">0</subfield>
    <subfield code="1">0</subfield>
    <subfield code="2">ddc</subfield>
    <subfield code="4">0</subfield>
    <subfield code="7">0</subfield>
    <subfield code="a">TATCL</subfield>
    <subfield code="b">TATCL</subfield>
    <subfield code="d">2024-02-12</subfield>
    <subfield code="l">3</subfield>
    <subfield code="o">170 GAU</subfield>
    <subfield code="p">61154</subfield>
    <subfield code="q">2026-09-01</subfield>
    <subfield code="r">2026-02-03</subfield>
    <subfield code="s">2026-02-03</subfield>
    <subfield code="w">2024-02-12</subfield>
    <subfield code="y">BK</subfield>
  </datafield>
  <datafield tag="952" ind1=" " ind2=" ">
    <subfield code="0">0</subfield>
    <subfield code="1">0</subfield>
    <subfield code="2">ddc</subfield>
    <subfield code="4">0</subfield>
    <subfield code="7">0</subfield>
    <subfield code="a">TATCL</subfield>
    <subfield code="b">TATCL</subfield>
    <subfield code="d">2024-02-12</subfield>
    <subfield code="l">4</subfield>
    <subfield code="o">170 GAU</subfield>
    <subfield code="p">61155</subfield>
    <subfield code="r">2026-05-18</subfield>
    <subfield code="s">2025-09-17</subfield>
    <subfield code="w">2024-02-12</subfield>
    <subfield code="y">BK</subfield>
  </datafield>
  <datafield tag="952" ind1=" " ind2=" ">
    <subfield code="0">0</subfield>
    <subfield code="1">0</subfield>
    <subfield code="2">ddc</subfield>
    <subfield code="4">0</subfield>
    <subfield code="7">0</subfield>
    <subfield code="a">TATCL</subfield>
    <subfield code="b">TATCL</subfield>
    <subfield code="d">2024-02-12</subfield>
    <subfield code="l">1</subfield>
    <subfield code="o">170 GAU</subfield>
    <subfield code="p">61156</subfield>
    <subfield code="r">2026-05-07</subfield>
    <subfield code="s">2025-09-17</subfield>
    <subfield code="w">2024-02-12</subfield>
    <subfield code="y">BK</subfield>
  </datafield>
  <datafield tag="952" ind1=" " ind2=" ">
    <subfield code="0">0</subfield>
    <subfield code="1">0</subfield>
    <subfield code="2">ddc</subfield>
    <subfield code="4">0</subfield>
    <subfield code="7">0</subfield>
    <subfield code="a">TATCL</subfield>
    <subfield code="b">TATCL</subfield>
    <subfield code="d">2024-02-12</subfield>
    <subfield code="l">3</subfield>
    <subfield code="o">170 GAU</subfield>
    <subfield code="p">61157</subfield>
    <subfield code="r">2026-06-08</subfield>
    <subfield code="s">2026-02-07</subfield>
    <subfield code="w">2024-02-12</subfield>
    <subfield code="y">BK</subfield>
  </datafield>
  <datafield tag="952" ind1=" " ind2=" ">
    <subfield code="0">0</subfield>
    <subfield code="1">0</subfield>
    <subfield code="2">ddc</subfield>
    <subfield code="4">0</subfield>
    <subfield code="7">0</subfield>
    <subfield code="a">TATCL</subfield>
    <subfield code="b">TATCL</subfield>
    <subfield code="d">2024-02-12</subfield>
    <subfield code="l">4</subfield>
    <subfield code="o">170 GAU</subfield>
    <subfield code="p">61158</subfield>
    <subfield code="r">2026-05-09</subfield>
    <subfield code="s">2026-02-09</subfield>
    <subfield code="w">2024-02-12</subfield>
    <subfield code="y">BK</subfield>
  </datafield>
  <datafield tag="952" ind1=" " ind2=" ">
    <subfield code="0">0</subfield>
    <subfield code="1">0</subfield>
    <subfield code="2">ddc</subfield>
    <subfield code="4">0</subfield>
    <subfield code="7">0</subfield>
    <subfield code="a">TATCL</subfield>
    <subfield code="b">TATCL</subfield>
    <subfield code="d">2024-02-12</subfield>
    <subfield code="l">4</subfield>
    <subfield code="o">170 GAU</subfield>
    <subfield code="p">61159</subfield>
    <subfield code="r">2026-06-08</subfield>
    <subfield code="s">2026-02-18</subfield>
    <subfield code="w">2024-02-12</subfield>
    <subfield code="y">BK</subfield>
  </datafield>
  <datafield tag="952" ind1=" " ind2=" ">
    <subfield code="0">0</subfield>
    <subfield code="1">0</subfield>
    <subfield code="2">ddc</subfield>
    <subfield code="4">0</subfield>
    <subfield code="7">0</subfield>
    <subfield code="a">TATCL</subfield>
    <subfield code="b">TATCL</subfield>
    <subfield code="d">2024-02-12</subfield>
    <subfield code="l">3</subfield>
    <subfield code="o">170 GAU</subfield>
    <subfield code="p">61160</subfield>
    <subfield code="r">2026-03-31</subfield>
    <subfield code="s">2025-09-19</subfield>
    <subfield code="w">2024-02-12</subfield>
    <subfield code="y">BK</subfield>
  </datafield>
  <datafield tag="952" ind1=" " ind2=" ">
    <subfield code="0">0</subfield>
    <subfield code="1">0</subfield>
    <subfield code="2">ddc</subfield>
    <subfield code="4">0</subfield>
    <subfield code="7">0</subfield>
    <subfield code="a">TATCL</subfield>
    <subfield code="b">TATCL</subfield>
    <subfield code="d">2024-02-12</subfield>
    <subfield code="l">4</subfield>
    <subfield code="o">170 GAU</subfield>
    <subfield code="p">61161</subfield>
    <subfield code="q">2025-09-17</subfield>
    <subfield code="r">2025-02-19</subfield>
    <subfield code="s">2025-02-19</subfield>
    <subfield code="w">2024-02-12</subfield>
    <subfield code="y">BK</subfield>
  </datafield>
  <datafield tag="952" ind1=" " ind2=" ">
    <subfield code="0">0</subfield>
    <subfield code="1">0</subfield>
    <subfield code="2">ddc</subfield>
    <subfield code="4">0</subfield>
    <subfield code="7">0</subfield>
    <subfield code="a">TATCL</subfield>
    <subfield code="b">TATCL</subfield>
    <subfield code="d">2024-02-12</subfield>
    <subfield code="l">3</subfield>
    <subfield code="o">170 GAU</subfield>
    <subfield code="p">61162</subfield>
    <subfield code="r">2026-03-17</subfield>
    <subfield code="s">2025-09-18</subfield>
    <subfield code="w">2024-02-12</subfield>
    <subfield code="y">BK</subfield>
  </datafield>
  <datafield tag="952" ind1=" " ind2=" ">
    <subfield code="0">0</subfield>
    <subfield code="1">0</subfield>
    <subfield code="2">ddc</subfield>
    <subfield code="4">0</subfield>
    <subfield code="7">0</subfield>
    <subfield code="a">TATCL</subfield>
    <subfield code="b">TATCL</subfield>
    <subfield code="d">2024-02-12</subfield>
    <subfield code="l">4</subfield>
    <subfield code="o">170 GAU</subfield>
    <subfield code="p">61163</subfield>
    <subfield code="q">2026-04-15</subfield>
    <subfield code="r">2025-09-17</subfield>
    <subfield code="s">2025-09-17</subfield>
    <subfield code="w">2024-02-12</subfield>
    <subfield code="y">BK</subfield>
  </datafield>
  <datafield tag="952" ind1=" " ind2=" ">
    <subfield code="0">0</subfield>
    <subfield code="1">0</subfield>
    <subfield code="2">ddc</subfield>
    <subfield code="4">0</subfield>
    <subfield code="7">0</subfield>
    <subfield code="a">TATCL</subfield>
    <subfield code="b">TATCL</subfield>
    <subfield code="d">2024-02-12</subfield>
    <subfield code="l">3</subfield>
    <subfield code="o">170 GAU</subfield>
    <subfield code="p">61164</subfield>
    <subfield code="r">2026-06-08</subfield>
    <subfield code="s">2025-09-19</subfield>
    <subfield code="w">2024-02-12</subfield>
    <subfield code="y">BK</subfield>
  </datafield>
  <datafield tag="952" ind1=" " ind2=" ">
    <subfield code="0">0</subfield>
    <subfield code="1">0</subfield>
    <subfield code="2">ddc</subfield>
    <subfield code="4">0</subfield>
    <subfield code="7">0</subfield>
    <subfield code="a">TATCL</subfield>
    <subfield code="b">TATCL</subfield>
    <subfield code="d">2024-02-12</subfield>
    <subfield code="l">1</subfield>
    <subfield code="o">170 GAU</subfield>
    <subfield code="p">61165</subfield>
    <subfield code="r">2024-03-20</subfield>
    <subfield code="s">2024-02-15</subfield>
    <subfield code="w">2024-02-12</subfield>
    <subfield code="y">BK</subfield>
  </datafield>
  <datafield tag="952" ind1=" " ind2=" ">
    <subfield code="0">0</subfield>
    <subfield code="1">0</subfield>
    <subfield code="2">ddc</subfield>
    <subfield code="4">0</subfield>
    <subfield code="7">0</subfield>
    <subfield code="a">TATCL</subfield>
    <subfield code="b">TATCL</subfield>
    <subfield code="d">2024-02-12</subfield>
    <subfield code="l">4</subfield>
    <subfield code="o">170 GAU</subfield>
    <subfield code="p">61166</subfield>
    <subfield code="r">2026-06-08</subfield>
    <subfield code="s">2026-03-10</subfield>
    <subfield code="w">2024-02-12</subfield>
    <subfield code="y">BK</subfield>
  </datafield>
  <datafield tag="952" ind1=" " ind2=" ">
    <subfield code="0">0</subfield>
    <subfield code="1">0</subfield>
    <subfield code="2">ddc</subfield>
    <subfield code="4">0</subfield>
    <subfield code="7">0</subfield>
    <subfield code="a">TATCL</subfield>
    <subfield code="b">TATCL</subfield>
    <subfield code="d">2024-02-12</subfield>
    <subfield code="l">5</subfield>
    <subfield code="o">170 GAU</subfield>
    <subfield code="p">61167</subfield>
    <subfield code="r">2026-02-20</subfield>
    <subfield code="s">2025-09-17</subfield>
    <subfield code="w">2024-02-12</subfield>
    <subfield code="y">BK</subfield>
  </datafield>
  <datafield tag="952" ind1=" " ind2=" ">
    <subfield code="0">0</subfield>
    <subfield code="1">0</subfield>
    <subfield code="2">ddc</subfield>
    <subfield code="4">0</subfield>
    <subfield code="7">0</subfield>
    <subfield code="a">TATCL</subfield>
    <subfield code="b">TATCL</subfield>
    <subfield code="d">2024-02-12</subfield>
    <subfield code="l">0</subfield>
    <subfield code="o">170 GAU</subfield>
    <subfield code="p">61168</subfield>
    <subfield code="r">2024-02-12</subfield>
    <subfield code="w">2024-02-12</subfield>
    <subfield code="y">BK</subfield>
  </datafield>
  <datafield tag="952" ind1=" " ind2=" ">
    <subfield code="0">0</subfield>
    <subfield code="1">0</subfield>
    <subfield code="2">ddc</subfield>
    <subfield code="4">0</subfield>
    <subfield code="7">0</subfield>
    <subfield code="a">TATCL</subfield>
    <subfield code="b">TATCL</subfield>
    <subfield code="d">2024-02-12</subfield>
    <subfield code="l">4</subfield>
    <subfield code="o">170 GAU</subfield>
    <subfield code="p">61169</subfield>
    <subfield code="r">2026-03-19</subfield>
    <subfield code="s">2025-09-18</subfield>
    <subfield code="w">2024-02-12</subfield>
    <subfield code="y">BK</subfield>
  </datafield>
  <datafield tag="952" ind1=" " ind2=" ">
    <subfield code="0">0</subfield>
    <subfield code="1">0</subfield>
    <subfield code="2">ddc</subfield>
    <subfield code="4">0</subfield>
    <subfield code="7">0</subfield>
    <subfield code="a">TATCL</subfield>
    <subfield code="b">TATCL</subfield>
    <subfield code="d">2024-02-12</subfield>
    <subfield code="l">4</subfield>
    <subfield code="o">170 GAU</subfield>
    <subfield code="p">61170</subfield>
    <subfield code="r">2026-03-23</subfield>
    <subfield code="s">2025-09-17</subfield>
    <subfield code="w">2024-02-12</subfield>
    <subfield code="y">BK</subfield>
  </datafield>
  <datafield tag="952" ind1=" " ind2=" ">
    <subfield code="0">0</subfield>
    <subfield code="1">0</subfield>
    <subfield code="2">ddc</subfield>
    <subfield code="4">0</subfield>
    <subfield code="7">0</subfield>
    <subfield code="a">TATCL</subfield>
    <subfield code="b">TATCL</subfield>
    <subfield code="d">2024-02-12</subfield>
    <subfield code="l">5</subfield>
    <subfield code="o">170 GAU</subfield>
    <subfield code="p">61171</subfield>
    <subfield code="r">2026-06-08</subfield>
    <subfield code="s">2026-03-23</subfield>
    <subfield code="w">2024-02-12</subfield>
    <subfield code="y">BK</subfield>
  </datafield>
  <datafield tag="952" ind1=" " ind2=" ">
    <subfield code="0">0</subfield>
    <subfield code="1">0</subfield>
    <subfield code="2">ddc</subfield>
    <subfield code="4">0</subfield>
    <subfield code="7">0</subfield>
    <subfield code="a">TATCL</subfield>
    <subfield code="b">TATCL</subfield>
    <subfield code="d">2024-02-12</subfield>
    <subfield code="l">6</subfield>
    <subfield code="o">170 GAU</subfield>
    <subfield code="p">61172</subfield>
    <subfield code="q">2026-09-12</subfield>
    <subfield code="r">2026-02-14</subfield>
    <subfield code="s">2026-02-14</subfield>
    <subfield code="w">2024-02-12</subfield>
    <subfield code="y">BK</subfield>
  </datafield>
  <datafield tag="952" ind1=" " ind2=" ">
    <subfield code="0">0</subfield>
    <subfield code="1">0</subfield>
    <subfield code="2">ddc</subfield>
    <subfield code="4">0</subfield>
    <subfield code="7">0</subfield>
    <subfield code="a">TATCL</subfield>
    <subfield code="b">TATCL</subfield>
    <subfield code="d">2024-02-12</subfield>
    <subfield code="l">6</subfield>
    <subfield code="o">170 GAU</subfield>
    <subfield code="p">61173</subfield>
    <subfield code="r">2026-06-08</subfield>
    <subfield code="s">2026-03-09</subfield>
    <subfield code="w">2024-02-12</subfield>
    <subfield code="y">BK</subfield>
  </datafield>
  <datafield tag="952" ind1=" " ind2=" ">
    <subfield code="0">0</subfield>
    <subfield code="1">0</subfield>
    <subfield code="2">ddc</subfield>
    <subfield code="4">0</subfield>
    <subfield code="7">0</subfield>
    <subfield code="a">TATCL</subfield>
    <subfield code="b">TATCL</subfield>
    <subfield code="d">2024-02-12</subfield>
    <subfield code="l">3</subfield>
    <subfield code="o">170 GAU</subfield>
    <subfield code="p">61174</subfield>
    <subfield code="q">2025-09-04</subfield>
    <subfield code="r">2025-02-06</subfield>
    <subfield code="s">2025-02-06</subfield>
    <subfield code="w">2024-02-12</subfield>
    <subfield code="y">BK</subfield>
  </datafield>
  <datafield tag="952" ind1=" " ind2=" ">
    <subfield code="0">0</subfield>
    <subfield code="1">0</subfield>
    <subfield code="2">ddc</subfield>
    <subfield code="4">0</subfield>
    <subfield code="7">0</subfield>
    <subfield code="a">TATCL</subfield>
    <subfield code="b">TATCL</subfield>
    <subfield code="d">2024-02-12</subfield>
    <subfield code="l">4</subfield>
    <subfield code="o">170 GAU</subfield>
    <subfield code="p">61175</subfield>
    <subfield code="r">2026-03-23</subfield>
    <subfield code="s">2025-09-16</subfield>
    <subfield code="w">2024-02-12</subfield>
    <subfield code="y">BK</subfield>
  </datafield>
  <datafield tag="952" ind1=" " ind2=" ">
    <subfield code="0">0</subfield>
    <subfield code="1">0</subfield>
    <subfield code="2">ddc</subfield>
    <subfield code="4">0</subfield>
    <subfield code="7">0</subfield>
    <subfield code="a">TATCL</subfield>
    <subfield code="b">TATCL</subfield>
    <subfield code="d">2024-02-12</subfield>
    <subfield code="l">5</subfield>
    <subfield code="o">170 GAU</subfield>
    <subfield code="p">61176</subfield>
    <subfield code="r">2026-05-02</subfield>
    <subfield code="s">2025-09-17</subfield>
    <subfield code="w">2024-02-12</subfield>
    <subfield code="y">BK</subfield>
  </datafield>
  <datafield tag="952" ind1=" " ind2=" ">
    <subfield code="0">0</subfield>
    <subfield code="1">0</subfield>
    <subfield code="2">ddc</subfield>
    <subfield code="4">0</subfield>
    <subfield code="7">0</subfield>
    <subfield code="a">TATCL</subfield>
    <subfield code="b">TATCL</subfield>
    <subfield code="d">2024-02-12</subfield>
    <subfield code="l">4</subfield>
    <subfield code="o">170 GAU</subfield>
    <subfield code="p">61177</subfield>
    <subfield code="q">2026-04-15</subfield>
    <subfield code="r">2025-09-17</subfield>
    <subfield code="s">2025-09-17</subfield>
    <subfield code="w">2024-02-12</subfield>
    <subfield code="y">BK</subfield>
  </datafield>
  <datafield tag="952" ind1=" " ind2=" ">
    <subfield code="0">0</subfield>
    <subfield code="1">0</subfield>
    <subfield code="2">ddc</subfield>
    <subfield code="4">0</subfield>
    <subfield code="7">0</subfield>
    <subfield code="a">TATCL</subfield>
    <subfield code="b">TATCL</subfield>
    <subfield code="d">2024-02-12</subfield>
    <subfield code="l">5</subfield>
    <subfield code="o">170 GAU</subfield>
    <subfield code="p">61178</subfield>
    <subfield code="r">2026-05-09</subfield>
    <subfield code="s">2026-02-09</subfield>
    <subfield code="w">2024-02-12</subfield>
    <subfield code="y">BK</subfield>
  </datafield>
  <datafield tag="952" ind1=" " ind2=" ">
    <subfield code="0">0</subfield>
    <subfield code="1">0</subfield>
    <subfield code="2">ddc</subfield>
    <subfield code="4">0</subfield>
    <subfield code="7">0</subfield>
    <subfield code="a">TATCL</subfield>
    <subfield code="b">TATCL</subfield>
    <subfield code="d">2024-02-12</subfield>
    <subfield code="l">4</subfield>
    <subfield code="o">170 GAU</subfield>
    <subfield code="p">61179</subfield>
    <subfield code="r">2026-03-07</subfield>
    <subfield code="s">2025-09-18</subfield>
    <subfield code="w">2024-02-12</subfield>
    <subfield code="y">BK</subfield>
  </datafield>
  <datafield tag="952" ind1=" " ind2=" ">
    <subfield code="0">0</subfield>
    <subfield code="1">0</subfield>
    <subfield code="2">ddc</subfield>
    <subfield code="4">0</subfield>
    <subfield code="7">0</subfield>
    <subfield code="a">TATCL</subfield>
    <subfield code="b">TATCL</subfield>
    <subfield code="d">2024-02-12</subfield>
    <subfield code="l">3</subfield>
    <subfield code="o">170 GAU</subfield>
    <subfield code="p">61180</subfield>
    <subfield code="r">2026-06-08</subfield>
    <subfield code="s">2025-09-19</subfield>
    <subfield code="w">2024-02-12</subfield>
    <subfield code="y">BK</subfield>
  </datafield>
  <datafield tag="952" ind1=" " ind2=" ">
    <subfield code="0">0</subfield>
    <subfield code="1">0</subfield>
    <subfield code="2">ddc</subfield>
    <subfield code="4">0</subfield>
    <subfield code="7">0</subfield>
    <subfield code="a">TATCL</subfield>
    <subfield code="b">TATCL</subfield>
    <subfield code="d">2024-02-12</subfield>
    <subfield code="l">3</subfield>
    <subfield code="o">170 GAU</subfield>
    <subfield code="p">61181</subfield>
    <subfield code="q">2025-10-21</subfield>
    <subfield code="r">2025-03-25</subfield>
    <subfield code="s">2025-03-25</subfield>
    <subfield code="w">2024-02-12</subfield>
    <subfield code="y">BK</subfield>
  </datafield>
  <datafield tag="952" ind1=" " ind2=" ">
    <subfield code="0">0</subfield>
    <subfield code="1">0</subfield>
    <subfield code="2">ddc</subfield>
    <subfield code="4">0</subfield>
    <subfield code="7">0</subfield>
    <subfield code="a">TATCL</subfield>
    <subfield code="b">TATCL</subfield>
    <subfield code="d">2024-02-12</subfield>
    <subfield code="l">4</subfield>
    <subfield code="o">170 GAU</subfield>
    <subfield code="p">61182</subfield>
    <subfield code="r">2026-02-21</subfield>
    <subfield code="s">2025-09-17</subfield>
    <subfield code="w">2024-02-12</subfield>
    <subfield code="y">BK</subfield>
  </datafield>
  <datafield tag="952" ind1=" " ind2=" ">
    <subfield code="0">0</subfield>
    <subfield code="1">0</subfield>
    <subfield code="2">ddc</subfield>
    <subfield code="4">0</subfield>
    <subfield code="7">0</subfield>
    <subfield code="a">TATCL</subfield>
    <subfield code="b">TATCL</subfield>
    <subfield code="c">GEN</subfield>
    <subfield code="d">2024-10-17</subfield>
    <subfield code="l">1</subfield>
    <subfield code="o">170 GAU</subfield>
    <subfield code="p">61196</subfield>
    <subfield code="r">2026-03-14</subfield>
    <subfield code="s">2025-09-22</subfield>
    <subfield code="w">2024-10-17</subfield>
    <subfield code="y">BK</subfield>
  </datafield>
  <datafield tag="952" ind1=" " ind2=" ">
    <subfield code="0">0</subfield>
    <subfield code="1">0</subfield>
    <subfield code="2">ddc</subfield>
    <subfield code="4">0</subfield>
    <subfield code="7">0</subfield>
    <subfield code="a">TATCL</subfield>
    <subfield code="b">TATCL</subfield>
    <subfield code="c">GEN</subfield>
    <subfield code="d">2024-10-17</subfield>
    <subfield code="l">4</subfield>
    <subfield code="o">170 GAU</subfield>
    <subfield code="p">61197</subfield>
    <subfield code="q">2026-11-05</subfield>
    <subfield code="r">2026-04-09</subfield>
    <subfield code="s">2026-04-09</subfield>
    <subfield code="w">2024-10-17</subfield>
    <subfield code="y">BK</subfield>
  </datafield>
  <datafield tag="952" ind1=" " ind2=" ">
    <subfield code="0">0</subfield>
    <subfield code="1">0</subfield>
    <subfield code="2">ddc</subfield>
    <subfield code="4">0</subfield>
    <subfield code="7">0</subfield>
    <subfield code="a">TATCL</subfield>
    <subfield code="b">TATCL</subfield>
    <subfield code="c">GEN</subfield>
    <subfield code="d">2024-10-17</subfield>
    <subfield code="l">3</subfield>
    <subfield code="o">170 GAU</subfield>
    <subfield code="p">61198</subfield>
    <subfield code="q">2026-04-16</subfield>
    <subfield code="r">2025-09-18</subfield>
    <subfield code="s">2025-09-18</subfield>
    <subfield code="w">2024-10-17</subfield>
    <subfield code="y">BK</subfield>
  </datafield>
  <datafield tag="952" ind1=" " ind2=" ">
    <subfield code="0">0</subfield>
    <subfield code="1">0</subfield>
    <subfield code="2">ddc</subfield>
    <subfield code="4">0</subfield>
    <subfield code="7">0</subfield>
    <subfield code="a">TATCL</subfield>
    <subfield code="b">TATCL</subfield>
    <subfield code="c">GEN</subfield>
    <subfield code="d">2024-10-17</subfield>
    <subfield code="l">1</subfield>
    <subfield code="o">170 GAU</subfield>
    <subfield code="p">61199</subfield>
    <subfield code="r">2026-04-22</subfield>
    <subfield code="s">2025-09-22</subfield>
    <subfield code="w">2024-10-17</subfield>
    <subfield code="y">BK</subfield>
  </datafield>
  <datafield tag="952" ind1=" " ind2=" ">
    <subfield code="0">0</subfield>
    <subfield code="1">0</subfield>
    <subfield code="2">ddc</subfield>
    <subfield code="4">0</subfield>
    <subfield code="7">0</subfield>
    <subfield code="a">TATCL</subfield>
    <subfield code="b">TATCL</subfield>
    <subfield code="c">GEN</subfield>
    <subfield code="d">2024-10-17</subfield>
    <subfield code="l">3</subfield>
    <subfield code="o">170 GAU</subfield>
    <subfield code="p">61200</subfield>
    <subfield code="r">2026-02-14</subfield>
    <subfield code="s">2025-09-17</subfield>
    <subfield code="w">2024-10-17</subfield>
    <subfield code="y">BK</subfield>
  </datafield>
  <datafield tag="952" ind1=" " ind2=" ">
    <subfield code="0">0</subfield>
    <subfield code="1">0</subfield>
    <subfield code="2">ddc</subfield>
    <subfield code="4">0</subfield>
    <subfield code="7">0</subfield>
    <subfield code="a">TATCL</subfield>
    <subfield code="b">TATCL</subfield>
    <subfield code="c">GEN</subfield>
    <subfield code="d">2024-10-17</subfield>
    <subfield code="l">1</subfield>
    <subfield code="o">170 GAU</subfield>
    <subfield code="p">61201</subfield>
    <subfield code="q">2025-06-03</subfield>
    <subfield code="r">2024-11-05</subfield>
    <subfield code="s">2024-11-05</subfield>
    <subfield code="w">2024-10-17</subfield>
    <subfield code="y">BK</subfield>
  </datafield>
  <datafield tag="952" ind1=" " ind2=" ">
    <subfield code="0">0</subfield>
    <subfield code="1">0</subfield>
    <subfield code="2">ddc</subfield>
    <subfield code="4">0</subfield>
    <subfield code="7">0</subfield>
    <subfield code="a">TATCL</subfield>
    <subfield code="b">TATCL</subfield>
    <subfield code="c">GEN</subfield>
    <subfield code="d">2024-10-17</subfield>
    <subfield code="l">0</subfield>
    <subfield code="o">170 GAU</subfield>
    <subfield code="p">61202</subfield>
    <subfield code="r">2024-10-17</subfield>
    <subfield code="w">2024-10-17</subfield>
    <subfield code="y">BK</subfield>
  </datafield>
  <datafield tag="952" ind1=" " ind2=" ">
    <subfield code="0">0</subfield>
    <subfield code="1">0</subfield>
    <subfield code="2">ddc</subfield>
    <subfield code="4">0</subfield>
    <subfield code="7">0</subfield>
    <subfield code="a">TATCL</subfield>
    <subfield code="b">TATCL</subfield>
    <subfield code="c">GEN</subfield>
    <subfield code="d">2024-10-17</subfield>
    <subfield code="l">2</subfield>
    <subfield code="o">170 GAU</subfield>
    <subfield code="p">61203</subfield>
    <subfield code="r">2026-05-07</subfield>
    <subfield code="s">2025-09-17</subfield>
    <subfield code="w">2024-10-17</subfield>
    <subfield code="y">BK</subfield>
  </datafield>
  <datafield tag="952" ind1=" " ind2=" ">
    <subfield code="0">0</subfield>
    <subfield code="1">0</subfield>
    <subfield code="2">ddc</subfield>
    <subfield code="4">0</subfield>
    <subfield code="7">0</subfield>
    <subfield code="a">TATCL</subfield>
    <subfield code="b">TATCL</subfield>
    <subfield code="c">GEN</subfield>
    <subfield code="d">2024-10-17</subfield>
    <subfield code="l">1</subfield>
    <subfield code="o">170 GAU</subfield>
    <subfield code="p">61204</subfield>
    <subfield code="r">2026-04-30</subfield>
    <subfield code="s">2025-09-20</subfield>
    <subfield code="w">2024-10-17</subfield>
    <subfield code="y">BK</subfield>
  </datafield>
  <datafield tag="952" ind1=" " ind2=" ">
    <subfield code="0">0</subfield>
    <subfield code="1">0</subfield>
    <subfield code="2">ddc</subfield>
    <subfield code="4">0</subfield>
    <subfield code="7">0</subfield>
    <subfield code="a">TATCL</subfield>
    <subfield code="b">TATCL</subfield>
    <subfield code="c">GEN</subfield>
    <subfield code="d">2024-10-17</subfield>
    <subfield code="l">5</subfield>
    <subfield code="o">170 GAU</subfield>
    <subfield code="p">61205</subfield>
    <subfield code="r">2026-06-08</subfield>
    <subfield code="s">2026-04-02</subfield>
    <subfield code="w">2024-10-17</subfield>
    <subfield code="y">BK</subfield>
  </datafield>
  <datafield tag="952" ind1=" " ind2=" ">
    <subfield code="0">0</subfield>
    <subfield code="1">0</subfield>
    <subfield code="2">ddc</subfield>
    <subfield code="4">0</subfield>
    <subfield code="7">0</subfield>
    <subfield code="a">TATCL</subfield>
    <subfield code="b">TATCL</subfield>
    <subfield code="c">GEN</subfield>
    <subfield code="d">2024-10-17</subfield>
    <subfield code="l">4</subfield>
    <subfield code="o">170 GAU</subfield>
    <subfield code="p">61206</subfield>
    <subfield code="r">2026-06-08</subfield>
    <subfield code="s">2026-03-07</subfield>
    <subfield code="w">2024-10-17</subfield>
    <subfield code="y">BK</subfield>
  </datafield>
  <datafield tag="952" ind1=" " ind2=" ">
    <subfield code="0">0</subfield>
    <subfield code="1">0</subfield>
    <subfield code="2">ddc</subfield>
    <subfield code="4">0</subfield>
    <subfield code="7">0</subfield>
    <subfield code="a">TATCL</subfield>
    <subfield code="b">TATCL</subfield>
    <subfield code="c">GEN</subfield>
    <subfield code="d">2024-10-17</subfield>
    <subfield code="l">3</subfield>
    <subfield code="o">170 GAU</subfield>
    <subfield code="p">61207</subfield>
    <subfield code="r">2026-05-18</subfield>
    <subfield code="s">2025-09-16</subfield>
    <subfield code="w">2024-10-17</subfield>
    <subfield code="y">BK</subfield>
  </datafield>
  <datafield tag="952" ind1=" " ind2=" ">
    <subfield code="0">0</subfield>
    <subfield code="1">0</subfield>
    <subfield code="2">ddc</subfield>
    <subfield code="4">0</subfield>
    <subfield code="7">0</subfield>
    <subfield code="a">TATCL</subfield>
    <subfield code="b">TATCL</subfield>
    <subfield code="c">GEN</subfield>
    <subfield code="d">2024-10-17</subfield>
    <subfield code="l">3</subfield>
    <subfield code="o">170 GAU</subfield>
    <subfield code="p">61208</subfield>
    <subfield code="q">2026-10-09</subfield>
    <subfield code="r">2026-03-13</subfield>
    <subfield code="s">2026-03-13</subfield>
    <subfield code="w">2024-10-17</subfield>
    <subfield code="y">BK</subfield>
  </datafield>
  <datafield tag="952" ind1=" " ind2=" ">
    <subfield code="0">0</subfield>
    <subfield code="1">0</subfield>
    <subfield code="2">ddc</subfield>
    <subfield code="4">0</subfield>
    <subfield code="7">0</subfield>
    <subfield code="a">TATCL</subfield>
    <subfield code="b">TATCL</subfield>
    <subfield code="c">GEN</subfield>
    <subfield code="d">2024-10-17</subfield>
    <subfield code="l">1</subfield>
    <subfield code="o">170 GAU</subfield>
    <subfield code="p">61209</subfield>
    <subfield code="q">2025-05-27</subfield>
    <subfield code="r">2024-10-29</subfield>
    <subfield code="s">2024-10-29</subfield>
    <subfield code="w">2024-10-17</subfield>
    <subfield code="y">BK</subfield>
  </datafield>
  <datafield tag="952" ind1=" " ind2=" ">
    <subfield code="0">0</subfield>
    <subfield code="1">0</subfield>
    <subfield code="2">ddc</subfield>
    <subfield code="4">0</subfield>
    <subfield code="7">0</subfield>
    <subfield code="a">TATCL</subfield>
    <subfield code="b">TATCL</subfield>
    <subfield code="c">GEN</subfield>
    <subfield code="d">2024-10-17</subfield>
    <subfield code="l">3</subfield>
    <subfield code="o">170 GAU</subfield>
    <subfield code="p">61210</subfield>
    <subfield code="r">2026-06-08</subfield>
    <subfield code="s">2025-09-17</subfield>
    <subfield code="w">2024-10-17</subfield>
    <subfield code="y">BK</subfield>
  </datafield>
  <datafield tag="952" ind1=" " ind2=" ">
    <subfield code="0">0</subfield>
    <subfield code="1">0</subfield>
    <subfield code="2">ddc</subfield>
    <subfield code="4">0</subfield>
    <subfield code="7">0</subfield>
    <subfield code="a">TATCL</subfield>
    <subfield code="b">TATCL</subfield>
    <subfield code="c">GEN</subfield>
    <subfield code="d">2024-10-17</subfield>
    <subfield code="l">5</subfield>
    <subfield code="o">170 GAU</subfield>
    <subfield code="p">61211</subfield>
    <subfield code="r">2026-05-25</subfield>
    <subfield code="s">2026-02-19</subfield>
    <subfield code="w">2024-10-17</subfield>
    <subfield code="y">BK</subfield>
  </datafield>
  <datafield tag="952" ind1=" " ind2=" ">
    <subfield code="0">0</subfield>
    <subfield code="1">0</subfield>
    <subfield code="2">ddc</subfield>
    <subfield code="4">0</subfield>
    <subfield code="7">0</subfield>
    <subfield code="a">TATCL</subfield>
    <subfield code="b">TATCL</subfield>
    <subfield code="c">GEN</subfield>
    <subfield code="d">2024-10-17</subfield>
    <subfield code="l">3</subfield>
    <subfield code="o">170 GAU</subfield>
    <subfield code="p">61212</subfield>
    <subfield code="r">2026-04-15</subfield>
    <subfield code="s">2025-09-18</subfield>
    <subfield code="w">2024-10-17</subfield>
    <subfield code="y">BK</subfield>
  </datafield>
  <datafield tag="952" ind1=" " ind2=" ">
    <subfield code="0">0</subfield>
    <subfield code="1">0</subfield>
    <subfield code="2">ddc</subfield>
    <subfield code="4">0</subfield>
    <subfield code="7">0</subfield>
    <subfield code="a">TATCL</subfield>
    <subfield code="b">TATCL</subfield>
    <subfield code="c">GEN</subfield>
    <subfield code="d">2024-10-17</subfield>
    <subfield code="l">3</subfield>
    <subfield code="o">170 GAU</subfield>
    <subfield code="p">61213</subfield>
    <subfield code="r">2026-04-30</subfield>
    <subfield code="s">2025-09-19</subfield>
    <subfield code="w">2024-10-17</subfield>
    <subfield code="y">BK</subfield>
  </datafield>
  <datafield tag="952" ind1=" " ind2=" ">
    <subfield code="0">0</subfield>
    <subfield code="1">0</subfield>
    <subfield code="2">ddc</subfield>
    <subfield code="4">0</subfield>
    <subfield code="7">0</subfield>
    <subfield code="a">TATCL</subfield>
    <subfield code="b">TATCL</subfield>
    <subfield code="c">GEN</subfield>
    <subfield code="d">2024-10-17</subfield>
    <subfield code="l">1</subfield>
    <subfield code="o">170 GAU</subfield>
    <subfield code="p">61214</subfield>
    <subfield code="r">2026-05-06</subfield>
    <subfield code="s">2025-09-22</subfield>
    <subfield code="w">2024-10-17</subfield>
    <subfield code="y">BK</subfield>
  </datafield>
  <datafield tag="952" ind1=" " ind2=" ">
    <subfield code="0">0</subfield>
    <subfield code="1">0</subfield>
    <subfield code="2">ddc</subfield>
    <subfield code="4">0</subfield>
    <subfield code="7">0</subfield>
    <subfield code="a">TATCL</subfield>
    <subfield code="b">TATCL</subfield>
    <subfield code="c">GEN</subfield>
    <subfield code="d">2024-10-17</subfield>
    <subfield code="l">3</subfield>
    <subfield code="o">170 GAU</subfield>
    <subfield code="p">61215</subfield>
    <subfield code="q">2026-04-17</subfield>
    <subfield code="r">2025-09-19</subfield>
    <subfield code="s">2025-09-19</subfield>
    <subfield code="w">2024-10-17</subfield>
    <subfield code="y">BK</subfield>
  </datafield>
  <datafield tag="952" ind1=" " ind2=" ">
    <subfield code="0">0</subfield>
    <subfield code="1">0</subfield>
    <subfield code="2">ddc</subfield>
    <subfield code="4">0</subfield>
    <subfield code="7">0</subfield>
    <subfield code="a">TATCL</subfield>
    <subfield code="b">TATCL</subfield>
    <subfield code="c">GEN</subfield>
    <subfield code="d">2024-10-17</subfield>
    <subfield code="l">5</subfield>
    <subfield code="o">170 GAU</subfield>
    <subfield code="p">61216</subfield>
    <subfield code="q">2026-10-03</subfield>
    <subfield code="r">2026-03-07</subfield>
    <subfield code="s">2026-03-07</subfield>
    <subfield code="w">2024-10-17</subfield>
    <subfield code="y">BK</subfield>
  </datafield>
  <datafield tag="952" ind1=" " ind2=" ">
    <subfield code="0">0</subfield>
    <subfield code="1">0</subfield>
    <subfield code="2">ddc</subfield>
    <subfield code="4">0</subfield>
    <subfield code="7">0</subfield>
    <subfield code="a">TATCL</subfield>
    <subfield code="b">TATCL</subfield>
    <subfield code="c">GEN</subfield>
    <subfield code="d">2024-10-17</subfield>
    <subfield code="l">3</subfield>
    <subfield code="o">170 GAU</subfield>
    <subfield code="p">61217</subfield>
    <subfield code="r">2026-05-09</subfield>
    <subfield code="s">2025-09-18</subfield>
    <subfield code="w">2024-10-17</subfield>
    <subfield code="y">BK</subfield>
  </datafield>
  <datafield tag="952" ind1=" " ind2=" ">
    <subfield code="0">0</subfield>
    <subfield code="1">0</subfield>
    <subfield code="2">ddc</subfield>
    <subfield code="4">0</subfield>
    <subfield code="7">0</subfield>
    <subfield code="a">TATCL</subfield>
    <subfield code="b">TATCL</subfield>
    <subfield code="c">GEN</subfield>
    <subfield code="d">2024-10-17</subfield>
    <subfield code="l">1</subfield>
    <subfield code="o">170 GAU</subfield>
    <subfield code="p">61218</subfield>
    <subfield code="r">2026-04-22</subfield>
    <subfield code="s">2025-09-22</subfield>
    <subfield code="w">2024-10-17</subfield>
    <subfield code="y">BK</subfield>
  </datafield>
  <datafield tag="952" ind1=" " ind2=" ">
    <subfield code="0">0</subfield>
    <subfield code="1">0</subfield>
    <subfield code="2">ddc</subfield>
    <subfield code="4">0</subfield>
    <subfield code="7">0</subfield>
    <subfield code="a">TATCL</subfield>
    <subfield code="b">TATCL</subfield>
    <subfield code="c">GEN</subfield>
    <subfield code="d">2024-10-17</subfield>
    <subfield code="l">2</subfield>
    <subfield code="o">170 GAU</subfield>
    <subfield code="p">61219</subfield>
    <subfield code="q">2025-10-25</subfield>
    <subfield code="r">2025-03-29</subfield>
    <subfield code="s">2025-03-29</subfield>
    <subfield code="w">2024-10-17</subfield>
    <subfield code="y">BK</subfield>
  </datafield>
  <datafield tag="952" ind1=" " ind2=" ">
    <subfield code="0">0</subfield>
    <subfield code="1">0</subfield>
    <subfield code="2">ddc</subfield>
    <subfield code="4">0</subfield>
    <subfield code="7">0</subfield>
    <subfield code="a">TATCL</subfield>
    <subfield code="b">TATCL</subfield>
    <subfield code="c">GEN</subfield>
    <subfield code="d">2024-10-17</subfield>
    <subfield code="l">1</subfield>
    <subfield code="o">170 GAU</subfield>
    <subfield code="p">61220</subfield>
    <subfield code="r">2026-06-08</subfield>
    <subfield code="s">2025-09-22</subfield>
    <subfield code="w">2024-10-17</subfield>
    <subfield code="y">BK</subfield>
  </datafield>
  <datafield tag="952" ind1=" " ind2=" ">
    <subfield code="0">0</subfield>
    <subfield code="1">0</subfield>
    <subfield code="2">ddc</subfield>
    <subfield code="4">0</subfield>
    <subfield code="7">0</subfield>
    <subfield code="a">TATCL</subfield>
    <subfield code="b">TATCL</subfield>
    <subfield code="c">GEN</subfield>
    <subfield code="d">2024-10-17</subfield>
    <subfield code="l">4</subfield>
    <subfield code="o">170 GAU</subfield>
    <subfield code="p">61221</subfield>
    <subfield code="r">2026-06-08</subfield>
    <subfield code="s">2026-02-09</subfield>
    <subfield code="w">2024-10-17</subfield>
    <subfield code="y">BK</subfield>
  </datafield>
  <datafield tag="952" ind1=" " ind2=" ">
    <subfield code="0">0</subfield>
    <subfield code="1">0</subfield>
    <subfield code="2">ddc</subfield>
    <subfield code="4">0</subfield>
    <subfield code="7">0</subfield>
    <subfield code="a">TATCL</subfield>
    <subfield code="b">TATCL</subfield>
    <subfield code="c">GEN</subfield>
    <subfield code="d">2024-10-17</subfield>
    <subfield code="l">2</subfield>
    <subfield code="o">170 GAU</subfield>
    <subfield code="p">61222</subfield>
    <subfield code="q">2025-09-17</subfield>
    <subfield code="r">2025-02-19</subfield>
    <subfield code="s">2025-02-19</subfield>
    <subfield code="w">2024-10-17</subfield>
    <subfield code="y">BK</subfield>
  </datafield>
  <datafield tag="952" ind1=" " ind2=" ">
    <subfield code="0">0</subfield>
    <subfield code="1">0</subfield>
    <subfield code="2">ddc</subfield>
    <subfield code="4">0</subfield>
    <subfield code="7">0</subfield>
    <subfield code="a">TATCL</subfield>
    <subfield code="b">TATCL</subfield>
    <subfield code="c">GEN</subfield>
    <subfield code="d">2024-10-17</subfield>
    <subfield code="l">2</subfield>
    <subfield code="o">170 GAU</subfield>
    <subfield code="p">61223</subfield>
    <subfield code="r">2026-04-17</subfield>
    <subfield code="s">2025-09-19</subfield>
    <subfield code="w">2024-10-17</subfield>
    <subfield code="y">BK</subfield>
  </datafield>
  <datafield tag="952" ind1=" " ind2=" ">
    <subfield code="0">0</subfield>
    <subfield code="1">0</subfield>
    <subfield code="2">ddc</subfield>
    <subfield code="4">0</subfield>
    <subfield code="7">0</subfield>
    <subfield code="a">TATCL</subfield>
    <subfield code="b">TATCL</subfield>
    <subfield code="c">GEN</subfield>
    <subfield code="d">2024-10-17</subfield>
    <subfield code="l">3</subfield>
    <subfield code="o">170 GAU</subfield>
    <subfield code="p">61224</subfield>
    <subfield code="r">2026-06-08</subfield>
    <subfield code="s">2026-03-09</subfield>
    <subfield code="w">2024-10-17</subfield>
    <subfield code="y">BK</subfield>
  </datafield>
  <datafield tag="952" ind1=" " ind2=" ">
    <subfield code="0">0</subfield>
    <subfield code="1">0</subfield>
    <subfield code="2">ddc</subfield>
    <subfield code="4">0</subfield>
    <subfield code="7">0</subfield>
    <subfield code="a">TATCL</subfield>
    <subfield code="b">TATCL</subfield>
    <subfield code="c">GEN</subfield>
    <subfield code="d">2024-10-17</subfield>
    <subfield code="l">2</subfield>
    <subfield code="o">170 GAU</subfield>
    <subfield code="p">61225</subfield>
    <subfield code="r">2026-06-08</subfield>
    <subfield code="s">2026-02-16</subfield>
    <subfield code="w">2024-10-17</subfield>
    <subfield code="y">BK</subfield>
  </datafield>
  <datafield tag="952" ind1=" " ind2=" ">
    <subfield code="0">0</subfield>
    <subfield code="1">0</subfield>
    <subfield code="2">ddc</subfield>
    <subfield code="4">0</subfield>
    <subfield code="7">0</subfield>
    <subfield code="a">TATCL</subfield>
    <subfield code="b">TATCL</subfield>
    <subfield code="c">GEN</subfield>
    <subfield code="d">2024-10-17</subfield>
    <subfield code="l">3</subfield>
    <subfield code="o">170 GAU</subfield>
    <subfield code="p">61226</subfield>
    <subfield code="r">2026-02-21</subfield>
    <subfield code="s">2025-07-31</subfield>
    <subfield code="w">2024-10-17</subfield>
    <subfield code="y">BK</subfield>
  </datafield>
  <datafield tag="952" ind1=" " ind2=" ">
    <subfield code="0">0</subfield>
    <subfield code="1">0</subfield>
    <subfield code="2">ddc</subfield>
    <subfield code="4">0</subfield>
    <subfield code="7">0</subfield>
    <subfield code="a">TATCL</subfield>
    <subfield code="b">TATCL</subfield>
    <subfield code="c">GEN</subfield>
    <subfield code="d">2024-10-17</subfield>
    <subfield code="l">2</subfield>
    <subfield code="o">170 GAU</subfield>
    <subfield code="p">61227</subfield>
    <subfield code="q">2026-04-17</subfield>
    <subfield code="r">2025-09-19</subfield>
    <subfield code="s">2025-09-19</subfield>
    <subfield code="w">2024-10-17</subfield>
    <subfield code="y">BK</subfield>
  </datafield>
  <datafield tag="952" ind1=" " ind2=" ">
    <subfield code="0">0</subfield>
    <subfield code="1">0</subfield>
    <subfield code="2">ddc</subfield>
    <subfield code="4">0</subfield>
    <subfield code="7">0</subfield>
    <subfield code="a">TATCL</subfield>
    <subfield code="b">TATCL</subfield>
    <subfield code="c">GEN</subfield>
    <subfield code="d">2024-10-17</subfield>
    <subfield code="l">1</subfield>
    <subfield code="o">170 GAU</subfield>
    <subfield code="p">61228</subfield>
    <subfield code="r">2026-02-21</subfield>
    <subfield code="s">2025-09-22</subfield>
    <subfield code="w">2024-10-17</subfield>
    <subfield code="y">BK</subfield>
  </datafield>
  <datafield tag="952" ind1=" " ind2=" ">
    <subfield code="0">0</subfield>
    <subfield code="1">0</subfield>
    <subfield code="2">ddc</subfield>
    <subfield code="4">0</subfield>
    <subfield code="7">0</subfield>
    <subfield code="a">TATCL</subfield>
    <subfield code="b">TATCL</subfield>
    <subfield code="c">GEN</subfield>
    <subfield code="d">2024-10-17</subfield>
    <subfield code="l">2</subfield>
    <subfield code="o">170 GAU</subfield>
    <subfield code="p">61229</subfield>
    <subfield code="r">2026-06-08</subfield>
    <subfield code="s">2026-03-23</subfield>
    <subfield code="w">2024-10-17</subfield>
    <subfield code="y">BK</subfield>
  </datafield>
  <datafield tag="952" ind1=" " ind2=" ">
    <subfield code="0">0</subfield>
    <subfield code="1">0</subfield>
    <subfield code="2">ddc</subfield>
    <subfield code="4">0</subfield>
    <subfield code="7">0</subfield>
    <subfield code="a">TATCL</subfield>
    <subfield code="b">TATCL</subfield>
    <subfield code="c">GEN</subfield>
    <subfield code="d">2024-10-17</subfield>
    <subfield code="l">3</subfield>
    <subfield code="o">170 GAU</subfield>
    <subfield code="p">61230</subfield>
    <subfield code="q">2026-04-17</subfield>
    <subfield code="r">2025-09-19</subfield>
    <subfield code="s">2025-09-19</subfield>
    <subfield code="w">2024-10-17</subfield>
    <subfield code="y">BK</subfield>
  </datafield>
  <datafield tag="952" ind1=" " ind2=" ">
    <subfield code="0">0</subfield>
    <subfield code="1">0</subfield>
    <subfield code="2">ddc</subfield>
    <subfield code="4">0</subfield>
    <subfield code="7">0</subfield>
    <subfield code="a">TATCL</subfield>
    <subfield code="b">TATCL</subfield>
    <subfield code="c">GEN</subfield>
    <subfield code="d">2024-10-17</subfield>
    <subfield code="l">3</subfield>
    <subfield code="o">170 GAU</subfield>
    <subfield code="p">61231</subfield>
    <subfield code="q">2026-12-04</subfield>
    <subfield code="r">2026-05-08</subfield>
    <subfield code="s">2026-05-08</subfield>
    <subfield code="w">2024-10-17</subfield>
    <subfield code="y">BK</subfield>
  </datafield>
  <datafield tag="952" ind1=" " ind2=" ">
    <subfield code="0">0</subfield>
    <subfield code="1">0</subfield>
    <subfield code="2">ddc</subfield>
    <subfield code="4">0</subfield>
    <subfield code="7">0</subfield>
    <subfield code="a">TATCL</subfield>
    <subfield code="b">TATCL</subfield>
    <subfield code="c">GEN</subfield>
    <subfield code="d">2024-10-17</subfield>
    <subfield code="l">1</subfield>
    <subfield code="o">170 GAU</subfield>
    <subfield code="p">61232</subfield>
    <subfield code="r">2025-03-25</subfield>
    <subfield code="s">2024-10-30</subfield>
    <subfield code="w">2024-10-17</subfield>
    <subfield code="y">BK</subfield>
  </datafield>
  <datafield tag="952" ind1=" " ind2=" ">
    <subfield code="0">0</subfield>
    <subfield code="1">0</subfield>
    <subfield code="2">ddc</subfield>
    <subfield code="4">0</subfield>
    <subfield code="7">0</subfield>
    <subfield code="a">TATCL</subfield>
    <subfield code="b">TATCL</subfield>
    <subfield code="c">GEN</subfield>
    <subfield code="d">2024-10-17</subfield>
    <subfield code="l">3</subfield>
    <subfield code="o">170 GAU</subfield>
    <subfield code="p">61233</subfield>
    <subfield code="r">2026-06-08</subfield>
    <subfield code="s">2026-04-18</subfield>
    <subfield code="w">2024-10-17</subfield>
    <subfield code="y">BK</subfield>
  </datafield>
  <datafield tag="952" ind1=" " ind2=" ">
    <subfield code="0">0</subfield>
    <subfield code="1">0</subfield>
    <subfield code="2">ddc</subfield>
    <subfield code="4">0</subfield>
    <subfield code="7">0</subfield>
    <subfield code="a">TATCL</subfield>
    <subfield code="b">TATCL</subfield>
    <subfield code="c">GEN</subfield>
    <subfield code="d">2024-10-17</subfield>
    <subfield code="l">3</subfield>
    <subfield code="o">170 GAU</subfield>
    <subfield code="p">61234</subfield>
    <subfield code="r">2026-06-08</subfield>
    <subfield code="s">2026-02-21</subfield>
    <subfield code="w">2024-10-17</subfield>
    <subfield code="y">BK</subfield>
  </datafield>
  <datafield tag="952" ind1=" " ind2=" ">
    <subfield code="0">0</subfield>
    <subfield code="1">0</subfield>
    <subfield code="2">ddc</subfield>
    <subfield code="4">0</subfield>
    <subfield code="7">0</subfield>
    <subfield code="a">TATCL</subfield>
    <subfield code="b">TATCL</subfield>
    <subfield code="c">GEN</subfield>
    <subfield code="d">2024-10-17</subfield>
    <subfield code="l">3</subfield>
    <subfield code="o">170 GAU</subfield>
    <subfield code="p">61235</subfield>
    <subfield code="r">2026-03-11</subfield>
    <subfield code="s">2025-09-17</subfield>
    <subfield code="w">2024-10-17</subfield>
    <subfield code="y">BK</subfield>
  </datafield>
  <datafield tag="952" ind1=" " ind2=" ">
    <subfield code="0">0</subfield>
    <subfield code="1">0</subfield>
    <subfield code="2">ddc</subfield>
    <subfield code="4">0</subfield>
    <subfield code="7">0</subfield>
    <subfield code="a">TATCL</subfield>
    <subfield code="b">TATCL</subfield>
    <subfield code="c">GEN</subfield>
    <subfield code="d">2024-10-17</subfield>
    <subfield code="l">2</subfield>
    <subfield code="o">170 GAU</subfield>
    <subfield code="p">61236</subfield>
    <subfield code="q">2025-10-13</subfield>
    <subfield code="r">2025-03-17</subfield>
    <subfield code="s">2025-03-17</subfield>
    <subfield code="w">2024-10-17</subfield>
    <subfield code="y">BK</subfield>
  </datafield>
  <datafield tag="952" ind1=" " ind2=" ">
    <subfield code="0">0</subfield>
    <subfield code="1">0</subfield>
    <subfield code="2">ddc</subfield>
    <subfield code="4">0</subfield>
    <subfield code="7">0</subfield>
    <subfield code="a">TATCL</subfield>
    <subfield code="b">TATCL</subfield>
    <subfield code="c">GEN</subfield>
    <subfield code="d">2024-10-17</subfield>
    <subfield code="l">3</subfield>
    <subfield code="o">170 GAU</subfield>
    <subfield code="p">61237</subfield>
    <subfield code="r">2026-06-08</subfield>
    <subfield code="s">2026-02-09</subfield>
    <subfield code="w">2024-10-17</subfield>
    <subfield code="y">BK</subfield>
  </datafield>
  <datafield tag="952" ind1=" " ind2=" ">
    <subfield code="0">0</subfield>
    <subfield code="1">0</subfield>
    <subfield code="2">ddc</subfield>
    <subfield code="4">0</subfield>
    <subfield code="7">0</subfield>
    <subfield code="a">TATCL</subfield>
    <subfield code="b">TATCL</subfield>
    <subfield code="c">GEN</subfield>
    <subfield code="d">2024-10-17</subfield>
    <subfield code="l">2</subfield>
    <subfield code="o">170 GAU</subfield>
    <subfield code="p">61238</subfield>
    <subfield code="r">2026-06-08</subfield>
    <subfield code="s">2025-09-18</subfield>
    <subfield code="w">2024-10-17</subfield>
    <subfield code="y">BK</subfield>
  </datafield>
  <datafield tag="952" ind1=" " ind2=" ">
    <subfield code="0">0</subfield>
    <subfield code="1">0</subfield>
    <subfield code="2">ddc</subfield>
    <subfield code="4">0</subfield>
    <subfield code="7">0</subfield>
    <subfield code="a">TATCL</subfield>
    <subfield code="b">TATCL</subfield>
    <subfield code="c">GEN</subfield>
    <subfield code="d">2024-10-17</subfield>
    <subfield code="l">3</subfield>
    <subfield code="o">170 GAU</subfield>
    <subfield code="p">61239</subfield>
    <subfield code="r">2026-06-08</subfield>
    <subfield code="s">2026-03-07</subfield>
    <subfield code="w">2024-10-17</subfield>
    <subfield code="y">BK</subfield>
  </datafield>
  <datafield tag="952" ind1=" " ind2=" ">
    <subfield code="0">0</subfield>
    <subfield code="1">0</subfield>
    <subfield code="2">ddc</subfield>
    <subfield code="4">0</subfield>
    <subfield code="7">0</subfield>
    <subfield code="a">TATCL</subfield>
    <subfield code="b">TATCL</subfield>
    <subfield code="c">GEN</subfield>
    <subfield code="d">2024-10-17</subfield>
    <subfield code="l">2</subfield>
    <subfield code="o">170 GAU</subfield>
    <subfield code="p">61240</subfield>
    <subfield code="q">2026-04-17</subfield>
    <subfield code="r">2025-09-19</subfield>
    <subfield code="s">2025-09-19</subfield>
    <subfield code="w">2024-10-17</subfield>
    <subfield code="y">BK</subfield>
  </datafield>
  <datafield tag="952" ind1=" " ind2=" ">
    <subfield code="0">0</subfield>
    <subfield code="1">0</subfield>
    <subfield code="2">ddc</subfield>
    <subfield code="4">0</subfield>
    <subfield code="7">0</subfield>
    <subfield code="a">TATCL</subfield>
    <subfield code="b">TATCL</subfield>
    <subfield code="c">GEN</subfield>
    <subfield code="d">2024-10-17</subfield>
    <subfield code="l">1</subfield>
    <subfield code="o">170 GAU</subfield>
    <subfield code="p">61241</subfield>
    <subfield code="q">2025-05-26</subfield>
    <subfield code="r">2024-10-28</subfield>
    <subfield code="s">2024-10-28</subfield>
    <subfield code="w">2024-10-17</subfield>
    <subfield code="y">BK</subfield>
  </datafield>
  <datafield tag="952" ind1=" " ind2=" ">
    <subfield code="0">0</subfield>
    <subfield code="1">0</subfield>
    <subfield code="2">ddc</subfield>
    <subfield code="4">0</subfield>
    <subfield code="7">0</subfield>
    <subfield code="a">TATCL</subfield>
    <subfield code="b">TATCL</subfield>
    <subfield code="c">GEN</subfield>
    <subfield code="d">2024-10-17</subfield>
    <subfield code="l">3</subfield>
    <subfield code="o">170 GAU</subfield>
    <subfield code="p">61242</subfield>
    <subfield code="r">2026-06-08</subfield>
    <subfield code="s">2026-03-24</subfield>
    <subfield code="w">2024-10-17</subfield>
    <subfield code="y">BK</subfield>
  </datafield>
  <datafield tag="952" ind1=" " ind2=" ">
    <subfield code="0">0</subfield>
    <subfield code="1">0</subfield>
    <subfield code="2">ddc</subfield>
    <subfield code="4">0</subfield>
    <subfield code="7">0</subfield>
    <subfield code="a">TATCL</subfield>
    <subfield code="b">TATCL</subfield>
    <subfield code="c">GEN</subfield>
    <subfield code="d">2024-10-17</subfield>
    <subfield code="l">1</subfield>
    <subfield code="o">170 GAU</subfield>
    <subfield code="p">61243</subfield>
    <subfield code="r">2025-02-20</subfield>
    <subfield code="s">2025-02-19</subfield>
    <subfield code="w">2024-10-17</subfield>
    <subfield code="y">BK</subfield>
  </datafield>
  <datafield tag="952" ind1=" " ind2=" ">
    <subfield code="0">0</subfield>
    <subfield code="1">0</subfield>
    <subfield code="2">ddc</subfield>
    <subfield code="4">0</subfield>
    <subfield code="7">0</subfield>
    <subfield code="a">TATCL</subfield>
    <subfield code="b">TATCL</subfield>
    <subfield code="c">GEN</subfield>
    <subfield code="d">2024-10-17</subfield>
    <subfield code="l">3</subfield>
    <subfield code="o">170 GAU</subfield>
    <subfield code="p">61244</subfield>
    <subfield code="r">2026-06-08</subfield>
    <subfield code="s">2026-03-13</subfield>
    <subfield code="w">2024-10-17</subfield>
    <subfield code="y">BK</subfield>
  </datafield>
  <datafield tag="952" ind1=" " ind2=" ">
    <subfield code="0">0</subfield>
    <subfield code="1">0</subfield>
    <subfield code="2">ddc</subfield>
    <subfield code="4">0</subfield>
    <subfield code="7">0</subfield>
    <subfield code="a">TATCL</subfield>
    <subfield code="b">TATCL</subfield>
    <subfield code="c">GEN</subfield>
    <subfield code="d">2024-10-17</subfield>
    <subfield code="l">2</subfield>
    <subfield code="o">170 GAU</subfield>
    <subfield code="p">61245</subfield>
    <subfield code="r">2026-02-21</subfield>
    <subfield code="s">2025-09-19</subfield>
    <subfield code="w">2024-10-17</subfield>
    <subfield code="y">BK</subfield>
  </datafield>
  <datafield tag="952" ind1=" " ind2=" ">
    <subfield code="0">0</subfield>
    <subfield code="1">0</subfield>
    <subfield code="2">ddc</subfield>
    <subfield code="4">0</subfield>
    <subfield code="7">0</subfield>
    <subfield code="a">TATCL</subfield>
    <subfield code="b">TATCL</subfield>
    <subfield code="c">GEN</subfield>
    <subfield code="d">2024-10-17</subfield>
    <subfield code="l">1</subfield>
    <subfield code="o">170 GAU</subfield>
    <subfield code="p">61246</subfield>
    <subfield code="r">2026-05-18</subfield>
    <subfield code="s">2025-09-18</subfield>
    <subfield code="w">2024-10-17</subfield>
    <subfield code="y">BK</subfield>
  </datafield>
  <datafield tag="952" ind1=" " ind2=" ">
    <subfield code="0">0</subfield>
    <subfield code="1">0</subfield>
    <subfield code="2">ddc</subfield>
    <subfield code="4">0</subfield>
    <subfield code="7">0</subfield>
    <subfield code="a">TATCL</subfield>
    <subfield code="b">TATCL</subfield>
    <subfield code="c">GEN</subfield>
    <subfield code="d">2024-10-17</subfield>
    <subfield code="l">2</subfield>
    <subfield code="o">170 GAU</subfield>
    <subfield code="p">61247</subfield>
    <subfield code="q">2026-09-01</subfield>
    <subfield code="r">2026-02-03</subfield>
    <subfield code="s">2026-02-03</subfield>
    <subfield code="w">2024-10-17</subfield>
    <subfield code="y">BK</subfield>
  </datafield>
  <datafield tag="952" ind1=" " ind2=" ">
    <subfield code="0">0</subfield>
    <subfield code="1">0</subfield>
    <subfield code="2">ddc</subfield>
    <subfield code="4">0</subfield>
    <subfield code="7">0</subfield>
    <subfield code="a">TATCL</subfield>
    <subfield code="b">TATCL</subfield>
    <subfield code="c">GEN</subfield>
    <subfield code="d">2024-10-17</subfield>
    <subfield code="l">3</subfield>
    <subfield code="o">170 GAU</subfield>
    <subfield code="p">61248</subfield>
    <subfield code="r">2026-03-19</subfield>
    <subfield code="s">2025-09-17</subfield>
    <subfield code="w">2024-10-17</subfield>
    <subfield code="y">BK</subfield>
  </datafield>
  <datafield tag="952" ind1=" " ind2=" ">
    <subfield code="0">0</subfield>
    <subfield code="1">0</subfield>
    <subfield code="2">ddc</subfield>
    <subfield code="4">0</subfield>
    <subfield code="7">0</subfield>
    <subfield code="a">TATCL</subfield>
    <subfield code="b">TATCL</subfield>
    <subfield code="c">GEN</subfield>
    <subfield code="d">2024-10-17</subfield>
    <subfield code="l">4</subfield>
    <subfield code="o">170 GAU</subfield>
    <subfield code="p">61249</subfield>
    <subfield code="q">2026-10-12</subfield>
    <subfield code="r">2026-03-16</subfield>
    <subfield code="s">2026-03-16</subfield>
    <subfield code="w">2024-10-17</subfield>
    <subfield code="y">BK</subfield>
  </datafield>
  <datafield tag="952" ind1=" " ind2=" ">
    <subfield code="0">0</subfield>
    <subfield code="1">0</subfield>
    <subfield code="2">ddc</subfield>
    <subfield code="4">0</subfield>
    <subfield code="7">0</subfield>
    <subfield code="a">TATCL</subfield>
    <subfield code="b">TATCL</subfield>
    <subfield code="c">GEN</subfield>
    <subfield code="d">2024-10-17</subfield>
    <subfield code="l">1</subfield>
    <subfield code="o">170 GAU</subfield>
    <subfield code="p">61250</subfield>
    <subfield code="q">2026-04-17</subfield>
    <subfield code="r">2025-09-19</subfield>
    <subfield code="s">2025-09-19</subfield>
    <subfield code="w">2024-10-17</subfield>
    <subfield code="y">BK</subfield>
  </datafield>
  <datafield tag="952" ind1=" " ind2=" ">
    <subfield code="0">0</subfield>
    <subfield code="1">0</subfield>
    <subfield code="2">ddc</subfield>
    <subfield code="4">0</subfield>
    <subfield code="7">0</subfield>
    <subfield code="a">TATCL</subfield>
    <subfield code="b">TATCL</subfield>
    <subfield code="c">GEN</subfield>
    <subfield code="d">2024-10-17</subfield>
    <subfield code="l">2</subfield>
    <subfield code="o">170 GAU</subfield>
    <subfield code="p">61251</subfield>
    <subfield code="r">2026-02-21</subfield>
    <subfield code="s">2025-09-18</subfield>
    <subfield code="w">2024-10-17</subfield>
    <subfield code="y">BK</subfield>
  </datafield>
  <datafield tag="952" ind1=" " ind2=" ">
    <subfield code="0">0</subfield>
    <subfield code="1">0</subfield>
    <subfield code="2">ddc</subfield>
    <subfield code="4">0</subfield>
    <subfield code="7">0</subfield>
    <subfield code="a">TATCL</subfield>
    <subfield code="b">TATCL</subfield>
    <subfield code="c">GEN</subfield>
    <subfield code="d">2024-10-17</subfield>
    <subfield code="l">1</subfield>
    <subfield code="o">170 GAU</subfield>
    <subfield code="p">61252</subfield>
    <subfield code="q">2025-05-17</subfield>
    <subfield code="r">2024-10-19</subfield>
    <subfield code="s">2024-10-19</subfield>
    <subfield code="w">2024-10-17</subfield>
    <subfield code="y">BK</subfield>
  </datafield>
  <datafield tag="952" ind1=" " ind2=" ">
    <subfield code="0">0</subfield>
    <subfield code="1">0</subfield>
    <subfield code="2">ddc</subfield>
    <subfield code="4">0</subfield>
    <subfield code="7">0</subfield>
    <subfield code="a">TATCL</subfield>
    <subfield code="b">TATCL</subfield>
    <subfield code="c">GEN</subfield>
    <subfield code="d">2024-10-17</subfield>
    <subfield code="l">2</subfield>
    <subfield code="o">170 GAU</subfield>
    <subfield code="p">61253</subfield>
    <subfield code="q">2025-09-16</subfield>
    <subfield code="r">2025-02-18</subfield>
    <subfield code="s">2025-02-18</subfield>
    <subfield code="w">2024-10-17</subfield>
    <subfield code="y">BK</subfield>
  </datafield>
  <datafield tag="952" ind1=" " ind2=" ">
    <subfield code="0">0</subfield>
    <subfield code="1">0</subfield>
    <subfield code="2">ddc</subfield>
    <subfield code="4">0</subfield>
    <subfield code="7">0</subfield>
    <subfield code="a">TATCL</subfield>
    <subfield code="b">TATCL</subfield>
    <subfield code="c">GEN</subfield>
    <subfield code="d">2024-10-17</subfield>
    <subfield code="l">3</subfield>
    <subfield code="o">170 GAU</subfield>
    <subfield code="p">61254</subfield>
    <subfield code="r">2026-03-14</subfield>
    <subfield code="s">2025-09-16</subfield>
    <subfield code="w">2024-10-17</subfield>
    <subfield code="y">BK</subfield>
  </datafield>
  <datafield tag="952" ind1=" " ind2=" ">
    <subfield code="0">0</subfield>
    <subfield code="1">0</subfield>
    <subfield code="2">ddc</subfield>
    <subfield code="4">0</subfield>
    <subfield code="7">0</subfield>
    <subfield code="a">TATCL</subfield>
    <subfield code="b">TATCL</subfield>
    <subfield code="c">GEN</subfield>
    <subfield code="d">2024-10-17</subfield>
    <subfield code="l">3</subfield>
    <subfield code="o">170 GAU</subfield>
    <subfield code="p">61255</subfield>
    <subfield code="r">2026-06-08</subfield>
    <subfield code="s">2026-03-17</subfield>
    <subfield code="w">2024-10-17</subfield>
    <subfield code="y">BK</subfield>
  </datafield>
  <datafield tag="952" ind1=" " ind2=" ">
    <subfield code="0">0</subfield>
    <subfield code="1">0</subfield>
    <subfield code="2">ddc</subfield>
    <subfield code="4">0</subfield>
    <subfield code="7">0</subfield>
    <subfield code="a">TATCL</subfield>
    <subfield code="b">TATCL</subfield>
    <subfield code="c">GEN</subfield>
    <subfield code="d">2024-10-17</subfield>
    <subfield code="l">4</subfield>
    <subfield code="o">170 GAU</subfield>
    <subfield code="p">61256</subfield>
    <subfield code="q">2026-10-13</subfield>
    <subfield code="r">2026-03-17</subfield>
    <subfield code="s">2026-03-17</subfield>
    <subfield code="w">2024-10-17</subfield>
    <subfield code="y">BK</subfield>
  </datafield>
  <datafield tag="952" ind1=" " ind2=" ">
    <subfield code="0">0</subfield>
    <subfield code="1">0</subfield>
    <subfield code="2">ddc</subfield>
    <subfield code="4">0</subfield>
    <subfield code="7">0</subfield>
    <subfield code="a">TATCL</subfield>
    <subfield code="b">TATCL</subfield>
    <subfield code="c">GEN</subfield>
    <subfield code="d">2024-10-17</subfield>
    <subfield code="l">4</subfield>
    <subfield code="o">170 GAU</subfield>
    <subfield code="p">61257</subfield>
    <subfield code="r">2026-06-08</subfield>
    <subfield code="s">2026-03-10</subfield>
    <subfield code="w">2024-10-17</subfield>
    <subfield code="y">BK</subfield>
  </datafield>
  <datafield tag="952" ind1=" " ind2=" ">
    <subfield code="0">0</subfield>
    <subfield code="1">0</subfield>
    <subfield code="2">ddc</subfield>
    <subfield code="4">0</subfield>
    <subfield code="7">0</subfield>
    <subfield code="a">TATCL</subfield>
    <subfield code="b">TATCL</subfield>
    <subfield code="c">GEN</subfield>
    <subfield code="d">2024-10-17</subfield>
    <subfield code="l">2</subfield>
    <subfield code="o">170 GAU</subfield>
    <subfield code="p">61258</subfield>
    <subfield code="r">2026-04-20</subfield>
    <subfield code="s">2025-09-18</subfield>
    <subfield code="w">2024-10-17</subfield>
    <subfield code="y">BK</subfield>
  </datafield>
  <datafield tag="952" ind1=" " ind2=" ">
    <subfield code="0">0</subfield>
    <subfield code="1">0</subfield>
    <subfield code="2">ddc</subfield>
    <subfield code="4">0</subfield>
    <subfield code="7">0</subfield>
    <subfield code="a">TATCL</subfield>
    <subfield code="b">TATCL</subfield>
    <subfield code="c">GEN</subfield>
    <subfield code="d">2024-10-17</subfield>
    <subfield code="l">2</subfield>
    <subfield code="o">170 GAU</subfield>
    <subfield code="p">61259</subfield>
    <subfield code="r">2026-06-08</subfield>
    <subfield code="s">2026-03-23</subfield>
    <subfield code="w">2024-10-17</subfield>
    <subfield code="y">BK</subfield>
  </datafield>
  <datafield tag="952" ind1=" " ind2=" ">
    <subfield code="0">0</subfield>
    <subfield code="1">0</subfield>
    <subfield code="2">ddc</subfield>
    <subfield code="4">0</subfield>
    <subfield code="7">0</subfield>
    <subfield code="a">TATCL</subfield>
    <subfield code="b">TATCL</subfield>
    <subfield code="c">GEN</subfield>
    <subfield code="d">2024-10-17</subfield>
    <subfield code="l">3</subfield>
    <subfield code="o">170 GAU</subfield>
    <subfield code="p">61260</subfield>
    <subfield code="r">2026-03-05</subfield>
    <subfield code="s">2025-09-22</subfield>
    <subfield code="w">2024-10-17</subfield>
    <subfield code="y">BK</subfield>
  </datafield>
  <datafield tag="952" ind1=" " ind2=" ">
    <subfield code="0">0</subfield>
    <subfield code="1">0</subfield>
    <subfield code="2">ddc</subfield>
    <subfield code="4">0</subfield>
    <subfield code="7">0</subfield>
    <subfield code="a">TATCL</subfield>
    <subfield code="b">TATCL</subfield>
    <subfield code="c">GEN</subfield>
    <subfield code="d">2024-10-17</subfield>
    <subfield code="l">3</subfield>
    <subfield code="o">170 GAU</subfield>
    <subfield code="p">61261</subfield>
    <subfield code="r">2026-06-08</subfield>
    <subfield code="s">2026-03-13</subfield>
    <subfield code="w">2024-10-17</subfield>
    <subfield code="y">BK</subfield>
  </datafield>
  <datafield tag="952" ind1=" " ind2=" ">
    <subfield code="0">0</subfield>
    <subfield code="1">0</subfield>
    <subfield code="2">ddc</subfield>
    <subfield code="4">0</subfield>
    <subfield code="7">0</subfield>
    <subfield code="a">TATCL</subfield>
    <subfield code="b">TATCL</subfield>
    <subfield code="c">GEN</subfield>
    <subfield code="d">2024-10-17</subfield>
    <subfield code="l">3</subfield>
    <subfield code="o">170 GAU</subfield>
    <subfield code="p">61262</subfield>
    <subfield code="r">2026-03-17</subfield>
    <subfield code="s">2025-09-17</subfield>
    <subfield code="w">2024-10-17</subfield>
    <subfield code="y">BK</subfield>
  </datafield>
  <datafield tag="952" ind1=" " ind2=" ">
    <subfield code="0">0</subfield>
    <subfield code="1">0</subfield>
    <subfield code="2">ddc</subfield>
    <subfield code="4">0</subfield>
    <subfield code="7">0</subfield>
    <subfield code="a">TATCL</subfield>
    <subfield code="b">TATCL</subfield>
    <subfield code="c">GEN</subfield>
    <subfield code="d">2024-10-17</subfield>
    <subfield code="l">2</subfield>
    <subfield code="o">170 GAU</subfield>
    <subfield code="p">61263</subfield>
    <subfield code="q">2026-04-17</subfield>
    <subfield code="r">2025-09-19</subfield>
    <subfield code="s">2025-09-19</subfield>
    <subfield code="w">2024-10-17</subfield>
    <subfield code="y">BK</subfield>
  </datafield>
  <datafield tag="952" ind1=" " ind2=" ">
    <subfield code="0">0</subfield>
    <subfield code="1">0</subfield>
    <subfield code="2">ddc</subfield>
    <subfield code="4">0</subfield>
    <subfield code="7">0</subfield>
    <subfield code="a">TATCL</subfield>
    <subfield code="b">TATCL</subfield>
    <subfield code="c">GEN</subfield>
    <subfield code="d">2024-10-17</subfield>
    <subfield code="l">2</subfield>
    <subfield code="o">170 GAU</subfield>
    <subfield code="p">61264</subfield>
    <subfield code="q">2026-04-17</subfield>
    <subfield code="r">2025-09-19</subfield>
    <subfield code="s">2025-09-19</subfield>
    <subfield code="w">2024-10-17</subfield>
    <subfield code="y">BK</subfield>
  </datafield>
  <datafield tag="952" ind1=" " ind2=" ">
    <subfield code="0">0</subfield>
    <subfield code="1">0</subfield>
    <subfield code="2">ddc</subfield>
    <subfield code="4">0</subfield>
    <subfield code="7">0</subfield>
    <subfield code="a">TATCL</subfield>
    <subfield code="b">TATCL</subfield>
    <subfield code="c">GEN</subfield>
    <subfield code="d">2024-10-17</subfield>
    <subfield code="l">2</subfield>
    <subfield code="o">170 GAU</subfield>
    <subfield code="p">61265</subfield>
    <subfield code="q">2026-04-17</subfield>
    <subfield code="r">2025-09-19</subfield>
    <subfield code="s">2025-09-19</subfield>
    <subfield code="w">2024-10-17</subfield>
    <subfield code="y">BK</subfield>
  </datafield>
  <datafield tag="952" ind1=" " ind2=" ">
    <subfield code="0">0</subfield>
    <subfield code="1">0</subfield>
    <subfield code="2">ddc</subfield>
    <subfield code="4">0</subfield>
    <subfield code="7">0</subfield>
    <subfield code="a">TATCL</subfield>
    <subfield code="b">TATCL</subfield>
    <subfield code="c">GEN</subfield>
    <subfield code="d">2024-10-17</subfield>
    <subfield code="l">2</subfield>
    <subfield code="o">170 GAU</subfield>
    <subfield code="p">61266</subfield>
    <subfield code="q">2026-04-17</subfield>
    <subfield code="r">2025-09-19</subfield>
    <subfield code="s">2025-09-19</subfield>
    <subfield code="w">2024-10-17</subfield>
    <subfield code="y">BK</subfield>
  </datafield>
  <datafield tag="952" ind1=" " ind2=" ">
    <subfield code="0">0</subfield>
    <subfield code="1">0</subfield>
    <subfield code="2">ddc</subfield>
    <subfield code="4">0</subfield>
    <subfield code="7">0</subfield>
    <subfield code="a">TATCL</subfield>
    <subfield code="b">TATCL</subfield>
    <subfield code="c">GEN</subfield>
    <subfield code="d">2024-10-17</subfield>
    <subfield code="l">2</subfield>
    <subfield code="o">170 GAU</subfield>
    <subfield code="p">61267</subfield>
    <subfield code="r">2025-06-04</subfield>
    <subfield code="s">2025-03-26</subfield>
    <subfield code="w">2024-10-17</subfield>
    <subfield code="y">BK</subfield>
  </datafield>
  <datafield tag="952" ind1=" " ind2=" ">
    <subfield code="0">0</subfield>
    <subfield code="1">0</subfield>
    <subfield code="2">ddc</subfield>
    <subfield code="4">0</subfield>
    <subfield code="7">0</subfield>
    <subfield code="a">TATCL</subfield>
    <subfield code="b">TATCL</subfield>
    <subfield code="c">GEN</subfield>
    <subfield code="d">2024-10-17</subfield>
    <subfield code="l">4</subfield>
    <subfield code="o">170 GAU</subfield>
    <subfield code="p">61268</subfield>
    <subfield code="r">2026-06-08</subfield>
    <subfield code="s">2026-02-17</subfield>
    <subfield code="w">2024-10-17</subfield>
    <subfield code="y">BK</subfield>
  </datafield>
  <datafield tag="952" ind1=" " ind2=" ">
    <subfield code="0">0</subfield>
    <subfield code="1">0</subfield>
    <subfield code="2">ddc</subfield>
    <subfield code="4">0</subfield>
    <subfield code="7">0</subfield>
    <subfield code="a">TATCL</subfield>
    <subfield code="b">TATCL</subfield>
    <subfield code="c">GEN</subfield>
    <subfield code="d">2024-10-17</subfield>
    <subfield code="l">5</subfield>
    <subfield code="o">170 GAU</subfield>
    <subfield code="p">61269</subfield>
    <subfield code="r">2026-05-25</subfield>
    <subfield code="s">2026-02-19</subfield>
    <subfield code="w">2024-10-17</subfield>
    <subfield code="y">BK</subfield>
  </datafield>
  <datafield tag="952" ind1=" " ind2=" ">
    <subfield code="0">0</subfield>
    <subfield code="1">0</subfield>
    <subfield code="2">ddc</subfield>
    <subfield code="4">0</subfield>
    <subfield code="7">0</subfield>
    <subfield code="a">TATCL</subfield>
    <subfield code="b">TATCL</subfield>
    <subfield code="c">GEN</subfield>
    <subfield code="d">2024-10-17</subfield>
    <subfield code="l">1</subfield>
    <subfield code="o">170 GAU</subfield>
    <subfield code="p">61270</subfield>
    <subfield code="q">2025-05-19</subfield>
    <subfield code="r">2024-10-21</subfield>
    <subfield code="s">2024-10-21</subfield>
    <subfield code="w">2024-10-17</subfield>
    <subfield code="y">BK</subfield>
  </datafield>
  <datafield tag="952" ind1=" " ind2=" ">
    <subfield code="0">0</subfield>
    <subfield code="1">0</subfield>
    <subfield code="2">ddc</subfield>
    <subfield code="4">0</subfield>
    <subfield code="7">0</subfield>
    <subfield code="a">TATCL</subfield>
    <subfield code="b">TATCL</subfield>
    <subfield code="c">GEN</subfield>
    <subfield code="d">2024-10-17</subfield>
    <subfield code="l">3</subfield>
    <subfield code="o">170 GAU</subfield>
    <subfield code="p">61271</subfield>
    <subfield code="r">2026-05-18</subfield>
    <subfield code="s">2025-09-17</subfield>
    <subfield code="w">2024-10-17</subfield>
    <subfield code="y">BK</subfield>
  </datafield>
  <datafield tag="952" ind1=" " ind2=" ">
    <subfield code="0">0</subfield>
    <subfield code="1">0</subfield>
    <subfield code="2">ddc</subfield>
    <subfield code="4">0</subfield>
    <subfield code="7">0</subfield>
    <subfield code="a">TATCL</subfield>
    <subfield code="b">TATCL</subfield>
    <subfield code="c">GEN</subfield>
    <subfield code="d">2024-10-17</subfield>
    <subfield code="l">3</subfield>
    <subfield code="o">170 GAU</subfield>
    <subfield code="p">61272</subfield>
    <subfield code="q">2025-10-22</subfield>
    <subfield code="r">2025-03-26</subfield>
    <subfield code="s">2025-03-26</subfield>
    <subfield code="w">2024-10-17</subfield>
    <subfield code="y">BK</subfield>
  </datafield>
  <datafield tag="952" ind1=" " ind2=" ">
    <subfield code="0">0</subfield>
    <subfield code="1">0</subfield>
    <subfield code="2">ddc</subfield>
    <subfield code="4">0</subfield>
    <subfield code="7">0</subfield>
    <subfield code="a">TATCL</subfield>
    <subfield code="b">TATCL</subfield>
    <subfield code="c">GEN</subfield>
    <subfield code="d">2024-10-17</subfield>
    <subfield code="l">2</subfield>
    <subfield code="o">170 GAU</subfield>
    <subfield code="p">61273</subfield>
    <subfield code="r">2026-02-21</subfield>
    <subfield code="s">2025-09-18</subfield>
    <subfield code="w">2024-10-17</subfield>
    <subfield code="y">BK</subfield>
  </datafield>
  <datafield tag="952" ind1=" " ind2=" ">
    <subfield code="0">0</subfield>
    <subfield code="1">0</subfield>
    <subfield code="2">ddc</subfield>
    <subfield code="4">0</subfield>
    <subfield code="7">0</subfield>
    <subfield code="a">TATCL</subfield>
    <subfield code="b">TATCL</subfield>
    <subfield code="c">GEN</subfield>
    <subfield code="d">2024-10-17</subfield>
    <subfield code="l">3</subfield>
    <subfield code="o">170 GAU</subfield>
    <subfield code="p">61274</subfield>
    <subfield code="r">2026-06-08</subfield>
    <subfield code="s">2026-02-07</subfield>
    <subfield code="w">2024-10-17</subfield>
    <subfield code="y">BK</subfield>
  </datafield>
  <datafield tag="952" ind1=" " ind2=" ">
    <subfield code="0">0</subfield>
    <subfield code="1">0</subfield>
    <subfield code="2">ddc</subfield>
    <subfield code="4">0</subfield>
    <subfield code="7">0</subfield>
    <subfield code="a">TATCL</subfield>
    <subfield code="b">TATCL</subfield>
    <subfield code="c">GEN</subfield>
    <subfield code="d">2024-10-17</subfield>
    <subfield code="l">2</subfield>
    <subfield code="o">170 GAU</subfield>
    <subfield code="p">61275</subfield>
    <subfield code="r">2026-03-17</subfield>
    <subfield code="s">2025-09-18</subfield>
    <subfield code="w">2024-10-17</subfield>
    <subfield code="y">BK</subfield>
  </datafield>
  <datafield tag="952" ind1=" " ind2=" ">
    <subfield code="0">0</subfield>
    <subfield code="1">0</subfield>
    <subfield code="2">ddc</subfield>
    <subfield code="4">0</subfield>
    <subfield code="7">0</subfield>
    <subfield code="a">TATCL</subfield>
    <subfield code="b">TATCL</subfield>
    <subfield code="c">GEN</subfield>
    <subfield code="d">2024-10-17</subfield>
    <subfield code="l">3</subfield>
    <subfield code="o">170 GAU</subfield>
    <subfield code="p">61276</subfield>
    <subfield code="q">2026-10-05</subfield>
    <subfield code="r">2026-03-09</subfield>
    <subfield code="s">2026-03-09</subfield>
    <subfield code="w">2024-10-17</subfield>
    <subfield code="y">BK</subfield>
  </datafield>
  <datafield tag="952" ind1=" " ind2=" ">
    <subfield code="0">0</subfield>
    <subfield code="1">0</subfield>
    <subfield code="2">ddc</subfield>
    <subfield code="4">0</subfield>
    <subfield code="7">0</subfield>
    <subfield code="a">TATCL</subfield>
    <subfield code="b">TATCL</subfield>
    <subfield code="c">GEN</subfield>
    <subfield code="d">2024-10-17</subfield>
    <subfield code="l">4</subfield>
    <subfield code="o">170 GAU</subfield>
    <subfield code="p">61277</subfield>
    <subfield code="q">2026-09-15</subfield>
    <subfield code="r">2026-02-17</subfield>
    <subfield code="s">2026-02-17</subfield>
    <subfield code="w">2024-10-17</subfield>
    <subfield code="y">BK</subfield>
  </datafield>
  <datafield tag="952" ind1=" " ind2=" ">
    <subfield code="0">0</subfield>
    <subfield code="1">0</subfield>
    <subfield code="2">ddc</subfield>
    <subfield code="4">0</subfield>
    <subfield code="7">0</subfield>
    <subfield code="a">TATCL</subfield>
    <subfield code="b">TATCL</subfield>
    <subfield code="c">GEN</subfield>
    <subfield code="d">2024-10-17</subfield>
    <subfield code="l">3</subfield>
    <subfield code="o">170 GAU</subfield>
    <subfield code="p">61278</subfield>
    <subfield code="r">2026-06-08</subfield>
    <subfield code="s">2026-03-07</subfield>
    <subfield code="w">2024-10-17</subfield>
    <subfield code="y">BK</subfield>
  </datafield>
  <datafield tag="952" ind1=" " ind2=" ">
    <subfield code="0">0</subfield>
    <subfield code="1">0</subfield>
    <subfield code="2">ddc</subfield>
    <subfield code="4">0</subfield>
    <subfield code="7">0</subfield>
    <subfield code="a">TATCL</subfield>
    <subfield code="b">TATCL</subfield>
    <subfield code="c">GEN</subfield>
    <subfield code="d">2024-10-17</subfield>
    <subfield code="l">2</subfield>
    <subfield code="o">170 GAU</subfield>
    <subfield code="p">61279</subfield>
    <subfield code="q">2026-04-17</subfield>
    <subfield code="r">2025-09-19</subfield>
    <subfield code="s">2025-09-19</subfield>
    <subfield code="w">2024-10-17</subfield>
    <subfield code="y">BK</subfield>
  </datafield>
  <datafield tag="952" ind1=" " ind2=" ">
    <subfield code="0">0</subfield>
    <subfield code="1">0</subfield>
    <subfield code="2">ddc</subfield>
    <subfield code="4">0</subfield>
    <subfield code="7">0</subfield>
    <subfield code="a">TATCL</subfield>
    <subfield code="b">TATCL</subfield>
    <subfield code="c">GEN</subfield>
    <subfield code="d">2024-10-17</subfield>
    <subfield code="l">3</subfield>
    <subfield code="o">170 GAU</subfield>
    <subfield code="p">61280</subfield>
    <subfield code="r">2026-05-02</subfield>
    <subfield code="s">2025-09-24</subfield>
    <subfield code="w">2024-10-17</subfield>
    <subfield code="y">BK</subfield>
  </datafield>
  <datafield tag="952" ind1=" " ind2=" ">
    <subfield code="0">0</subfield>
    <subfield code="1">0</subfield>
    <subfield code="2">ddc</subfield>
    <subfield code="4">0</subfield>
    <subfield code="7">0</subfield>
    <subfield code="a">TATCL</subfield>
    <subfield code="b">TATCL</subfield>
    <subfield code="c">GEN</subfield>
    <subfield code="d">2024-10-17</subfield>
    <subfield code="l">2</subfield>
    <subfield code="o">170 GAU</subfield>
    <subfield code="p">61281</subfield>
    <subfield code="r">2026-03-23</subfield>
    <subfield code="s">2025-09-19</subfield>
    <subfield code="w">2024-10-17</subfield>
    <subfield code="y">BK</subfield>
  </datafield>
  <datafield tag="952" ind1=" " ind2=" ">
    <subfield code="0">0</subfield>
    <subfield code="1">0</subfield>
    <subfield code="2">ddc</subfield>
    <subfield code="4">0</subfield>
    <subfield code="7">0</subfield>
    <subfield code="a">TATCL</subfield>
    <subfield code="b">TATCL</subfield>
    <subfield code="c">GEN</subfield>
    <subfield code="d">2024-10-17</subfield>
    <subfield code="l">3</subfield>
    <subfield code="o">170 GAU</subfield>
    <subfield code="p">61282</subfield>
    <subfield code="q">2026-10-06</subfield>
    <subfield code="r">2026-03-10</subfield>
    <subfield code="s">2026-03-10</subfield>
    <subfield code="w">2024-10-17</subfield>
    <subfield code="y">BK</subfield>
  </datafield>
  <datafield tag="952" ind1=" " ind2=" ">
    <subfield code="0">0</subfield>
    <subfield code="1">0</subfield>
    <subfield code="2">ddc</subfield>
    <subfield code="4">0</subfield>
    <subfield code="7">0</subfield>
    <subfield code="a">TATCL</subfield>
    <subfield code="b">TATCL</subfield>
    <subfield code="c">GEN</subfield>
    <subfield code="d">2024-10-17</subfield>
    <subfield code="l">3</subfield>
    <subfield code="o">170 GAU</subfield>
    <subfield code="p">61283</subfield>
    <subfield code="r">2026-03-31</subfield>
    <subfield code="s">2025-09-18</subfield>
    <subfield code="w">2024-10-17</subfield>
    <subfield code="y">BK</subfield>
  </datafield>
  <datafield tag="952" ind1=" " ind2=" ">
    <subfield code="0">0</subfield>
    <subfield code="1">0</subfield>
    <subfield code="2">ddc</subfield>
    <subfield code="4">0</subfield>
    <subfield code="7">0</subfield>
    <subfield code="a">TATCL</subfield>
    <subfield code="b">TATCL</subfield>
    <subfield code="c">GEN</subfield>
    <subfield code="d">2024-10-17</subfield>
    <subfield code="l">2</subfield>
    <subfield code="o">170 GAU</subfield>
    <subfield code="p">61284</subfield>
    <subfield code="r">2026-04-24</subfield>
    <subfield code="s">2025-09-19</subfield>
    <subfield code="w">2024-10-17</subfield>
    <subfield code="y">BK</subfield>
  </datafield>
  <datafield tag="952" ind1=" " ind2=" ">
    <subfield code="0">0</subfield>
    <subfield code="1">0</subfield>
    <subfield code="2">ddc</subfield>
    <subfield code="4">0</subfield>
    <subfield code="7">0</subfield>
    <subfield code="a">TATCL</subfield>
    <subfield code="b">TATCL</subfield>
    <subfield code="c">GEN</subfield>
    <subfield code="d">2024-10-17</subfield>
    <subfield code="l">2</subfield>
    <subfield code="o">170 GAU</subfield>
    <subfield code="p">61285</subfield>
    <subfield code="r">2026-06-08</subfield>
    <subfield code="s">2025-09-18</subfield>
    <subfield code="w">2024-10-17</subfield>
    <subfield code="y">BK</subfield>
  </datafield>
  <datafield tag="952" ind1=" " ind2=" ">
    <subfield code="0">0</subfield>
    <subfield code="1">0</subfield>
    <subfield code="2">ddc</subfield>
    <subfield code="4">0</subfield>
    <subfield code="7">0</subfield>
    <subfield code="a">TATCL</subfield>
    <subfield code="b">TATCL</subfield>
    <subfield code="c">GEN</subfield>
    <subfield code="d">2024-10-17</subfield>
    <subfield code="l">2</subfield>
    <subfield code="o">170 GAU</subfield>
    <subfield code="p">61286</subfield>
    <subfield code="q">2025-09-12</subfield>
    <subfield code="r">2025-02-14</subfield>
    <subfield code="s">2025-02-14</subfield>
    <subfield code="w">2024-10-17</subfield>
    <subfield code="y">BK</subfield>
  </datafield>
  <datafield tag="952" ind1=" " ind2=" ">
    <subfield code="0">0</subfield>
    <subfield code="1">0</subfield>
    <subfield code="2">ddc</subfield>
    <subfield code="4">0</subfield>
    <subfield code="7">0</subfield>
    <subfield code="a">TATCL</subfield>
    <subfield code="b">TATCL</subfield>
    <subfield code="c">GEN</subfield>
    <subfield code="d">2024-10-17</subfield>
    <subfield code="l">2</subfield>
    <subfield code="o">170 GAU</subfield>
    <subfield code="p">61287</subfield>
    <subfield code="q">2026-04-15</subfield>
    <subfield code="r">2025-09-17</subfield>
    <subfield code="s">2025-09-17</subfield>
    <subfield code="w">2024-10-17</subfield>
    <subfield code="y">BK</subfield>
  </datafield>
  <datafield tag="952" ind1=" " ind2=" ">
    <subfield code="0">0</subfield>
    <subfield code="1">0</subfield>
    <subfield code="2">ddc</subfield>
    <subfield code="4">0</subfield>
    <subfield code="7">0</subfield>
    <subfield code="a">TATCL</subfield>
    <subfield code="b">TATCL</subfield>
    <subfield code="c">GEN</subfield>
    <subfield code="d">2024-10-17</subfield>
    <subfield code="l">3</subfield>
    <subfield code="o">170 GAU</subfield>
    <subfield code="p">61288</subfield>
    <subfield code="r">2026-05-09</subfield>
    <subfield code="s">2026-03-13</subfield>
    <subfield code="w">2024-10-17</subfield>
    <subfield code="y">BK</subfield>
  </datafield>
  <datafield tag="952" ind1=" " ind2=" ">
    <subfield code="0">0</subfield>
    <subfield code="1">0</subfield>
    <subfield code="2">ddc</subfield>
    <subfield code="4">0</subfield>
    <subfield code="7">0</subfield>
    <subfield code="a">TATCL</subfield>
    <subfield code="b">TATCL</subfield>
    <subfield code="c">GEN</subfield>
    <subfield code="d">2024-10-17</subfield>
    <subfield code="l">0</subfield>
    <subfield code="o">170 GAU</subfield>
    <subfield code="p">61289</subfield>
    <subfield code="r">2024-10-17</subfield>
    <subfield code="w">2024-10-17</subfield>
    <subfield code="y">BK</subfield>
  </datafield>
  <datafield tag="952" ind1=" " ind2=" ">
    <subfield code="0">0</subfield>
    <subfield code="1">0</subfield>
    <subfield code="2">ddc</subfield>
    <subfield code="4">0</subfield>
    <subfield code="7">0</subfield>
    <subfield code="a">TATCL</subfield>
    <subfield code="b">TATCL</subfield>
    <subfield code="c">GEN</subfield>
    <subfield code="d">2024-10-17</subfield>
    <subfield code="l">2</subfield>
    <subfield code="o">170 GAU</subfield>
    <subfield code="p">61290</subfield>
    <subfield code="r">2026-06-08</subfield>
    <subfield code="s">2026-03-23</subfield>
    <subfield code="w">2024-10-17</subfield>
    <subfield code="y">BK</subfield>
  </datafield>
  <datafield tag="952" ind1=" " ind2=" ">
    <subfield code="0">0</subfield>
    <subfield code="1">0</subfield>
    <subfield code="2">ddc</subfield>
    <subfield code="4">0</subfield>
    <subfield code="7">0</subfield>
    <subfield code="a">TATCL</subfield>
    <subfield code="b">TATCL</subfield>
    <subfield code="c">GEN</subfield>
    <subfield code="d">2024-10-17</subfield>
    <subfield code="l">2</subfield>
    <subfield code="o">170 GAU</subfield>
    <subfield code="p">61291</subfield>
    <subfield code="r">2026-04-06</subfield>
    <subfield code="s">2025-09-19</subfield>
    <subfield code="w">2024-10-17</subfield>
    <subfield code="y">BK</subfield>
  </datafield>
  <datafield tag="952" ind1=" " ind2=" ">
    <subfield code="0">0</subfield>
    <subfield code="1">0</subfield>
    <subfield code="2">ddc</subfield>
    <subfield code="4">0</subfield>
    <subfield code="7">0</subfield>
    <subfield code="a">TATCL</subfield>
    <subfield code="b">TATCL</subfield>
    <subfield code="c">GEN</subfield>
    <subfield code="d">2024-10-17</subfield>
    <subfield code="l">2</subfield>
    <subfield code="o">170 GAU</subfield>
    <subfield code="p">61292</subfield>
    <subfield code="r">2026-02-09</subfield>
    <subfield code="s">2025-09-19</subfield>
    <subfield code="w">2024-10-17</subfield>
    <subfield code="y">BK</subfield>
  </datafield>
  <datafield tag="952" ind1=" " ind2=" ">
    <subfield code="0">0</subfield>
    <subfield code="1">0</subfield>
    <subfield code="2">ddc</subfield>
    <subfield code="4">0</subfield>
    <subfield code="7">0</subfield>
    <subfield code="a">TATCL</subfield>
    <subfield code="b">TATCL</subfield>
    <subfield code="c">GEN</subfield>
    <subfield code="d">2024-10-17</subfield>
    <subfield code="l">2</subfield>
    <subfield code="o">170 GAU</subfield>
    <subfield code="p">61293</subfield>
    <subfield code="r">2026-05-14</subfield>
    <subfield code="s">2025-09-17</subfield>
    <subfield code="w">2024-10-17</subfield>
    <subfield code="y">BK</subfield>
  </datafield>
  <datafield tag="952" ind1=" " ind2=" ">
    <subfield code="0">0</subfield>
    <subfield code="1">0</subfield>
    <subfield code="2">ddc</subfield>
    <subfield code="4">0</subfield>
    <subfield code="7">0</subfield>
    <subfield code="a">TATCL</subfield>
    <subfield code="b">TATCL</subfield>
    <subfield code="c">GEN</subfield>
    <subfield code="d">2024-10-17</subfield>
    <subfield code="l">2</subfield>
    <subfield code="o">170 GAU</subfield>
    <subfield code="p">61294</subfield>
    <subfield code="q">2026-04-17</subfield>
    <subfield code="r">2025-09-19</subfield>
    <subfield code="s">2025-09-19</subfield>
    <subfield code="w">2024-10-17</subfield>
    <subfield code="y">BK</subfield>
  </datafield>
  <datafield tag="952" ind1=" " ind2=" ">
    <subfield code="0">0</subfield>
    <subfield code="1">0</subfield>
    <subfield code="2">ddc</subfield>
    <subfield code="4">0</subfield>
    <subfield code="7">0</subfield>
    <subfield code="a">TATCL</subfield>
    <subfield code="b">TATCL</subfield>
    <subfield code="c">GEN</subfield>
    <subfield code="d">2024-10-17</subfield>
    <subfield code="l">3</subfield>
    <subfield code="o">170 GAU</subfield>
    <subfield code="p">61295</subfield>
    <subfield code="q">2026-09-15</subfield>
    <subfield code="r">2026-02-17</subfield>
    <subfield code="s">2026-02-17</subfield>
    <subfield code="w">2024-10-17</subfield>
    <subfield code="y">BK</subfield>
  </datafield>
  <datafield tag="952" ind1=" " ind2=" ">
    <subfield code="0">0</subfield>
    <subfield code="1">0</subfield>
    <subfield code="2">ddc</subfield>
    <subfield code="4">0</subfield>
    <subfield code="7">0</subfield>
    <subfield code="a">TATCL</subfield>
    <subfield code="b">TATCL</subfield>
    <subfield code="c">GEN</subfield>
    <subfield code="d">2024-10-17</subfield>
    <subfield code="l">2</subfield>
    <subfield code="o">170 GAU</subfield>
    <subfield code="p">61296</subfield>
    <subfield code="r">2026-03-12</subfield>
    <subfield code="s">2025-09-19</subfield>
    <subfield code="w">2024-10-17</subfield>
    <subfield code="y">BK</subfield>
  </datafield>
  <datafield tag="952" ind1=" " ind2=" ">
    <subfield code="0">0</subfield>
    <subfield code="1">0</subfield>
    <subfield code="2">ddc</subfield>
    <subfield code="4">0</subfield>
    <subfield code="7">0</subfield>
    <subfield code="a">TATCL</subfield>
    <subfield code="b">TATCL</subfield>
    <subfield code="c">GEN</subfield>
    <subfield code="d">2024-10-17</subfield>
    <subfield code="l">3</subfield>
    <subfield code="o">170 GAU</subfield>
    <subfield code="p">61297</subfield>
    <subfield code="q">2026-04-17</subfield>
    <subfield code="r">2025-09-19</subfield>
    <subfield code="s">2025-09-19</subfield>
    <subfield code="w">2024-10-17</subfield>
    <subfield code="y">BK</subfield>
  </datafield>
  <datafield tag="952" ind1=" " ind2=" ">
    <subfield code="0">0</subfield>
    <subfield code="1">0</subfield>
    <subfield code="2">ddc</subfield>
    <subfield code="4">0</subfield>
    <subfield code="7">0</subfield>
    <subfield code="a">TATCL</subfield>
    <subfield code="b">TATCL</subfield>
    <subfield code="c">GEN</subfield>
    <subfield code="d">2024-10-17</subfield>
    <subfield code="l">3</subfield>
    <subfield code="o">170 GAU</subfield>
    <subfield code="p">61298</subfield>
    <subfield code="r">2026-06-08</subfield>
    <subfield code="s">2025-09-19</subfield>
    <subfield code="w">2024-10-17</subfield>
    <subfield code="y">BK</subfield>
  </datafield>
  <datafield tag="952" ind1=" " ind2=" ">
    <subfield code="0">0</subfield>
    <subfield code="1">0</subfield>
    <subfield code="2">ddc</subfield>
    <subfield code="4">0</subfield>
    <subfield code="7">0</subfield>
    <subfield code="a">TATCL</subfield>
    <subfield code="b">TATCL</subfield>
    <subfield code="c">GEN</subfield>
    <subfield code="d">2024-10-17</subfield>
    <subfield code="l">3</subfield>
    <subfield code="o">170 GAU</subfield>
    <subfield code="p">61299</subfield>
    <subfield code="r">2026-05-13</subfield>
    <subfield code="s">2025-09-19</subfield>
    <subfield code="w">2024-10-17</subfield>
    <subfield code="y">BK</subfield>
  </datafield>
  <datafield tag="952" ind1=" " ind2=" ">
    <subfield code="0">0</subfield>
    <subfield code="1">0</subfield>
    <subfield code="2">ddc</subfield>
    <subfield code="4">0</subfield>
    <subfield code="7">0</subfield>
    <subfield code="a">TATCL</subfield>
    <subfield code="b">TATCL</subfield>
    <subfield code="c">GEN</subfield>
    <subfield code="d">2024-10-17</subfield>
    <subfield code="l">3</subfield>
    <subfield code="o">170 GAU</subfield>
    <subfield code="p">61300</subfield>
    <subfield code="q">2026-09-08</subfield>
    <subfield code="r">2026-02-10</subfield>
    <subfield code="s">2026-02-10</subfield>
    <subfield code="w">2024-10-17</subfield>
    <subfield code="y">BK</subfield>
  </datafield>
  <datafield tag="952" ind1=" " ind2=" ">
    <subfield code="0">0</subfield>
    <subfield code="1">0</subfield>
    <subfield code="2">ddc</subfield>
    <subfield code="4">0</subfield>
    <subfield code="7">0</subfield>
    <subfield code="a">TATCL</subfield>
    <subfield code="b">TATCL</subfield>
    <subfield code="c">GEN</subfield>
    <subfield code="d">2024-10-17</subfield>
    <subfield code="l">3</subfield>
    <subfield code="o">170 GAU</subfield>
    <subfield code="p">61301</subfield>
    <subfield code="r">2026-06-08</subfield>
    <subfield code="s">2026-03-07</subfield>
    <subfield code="w">2024-10-17</subfield>
    <subfield code="y">BK</subfield>
  </datafield>
  <datafield tag="952" ind1=" " ind2=" ">
    <subfield code="0">0</subfield>
    <subfield code="1">0</subfield>
    <subfield code="2">ddc</subfield>
    <subfield code="4">0</subfield>
    <subfield code="7">0</subfield>
    <subfield code="a">TATCL</subfield>
    <subfield code="b">TATCL</subfield>
    <subfield code="c">GEN</subfield>
    <subfield code="d">2024-10-17</subfield>
    <subfield code="l">2</subfield>
    <subfield code="o">170 GAU</subfield>
    <subfield code="p">61302</subfield>
    <subfield code="q">2025-09-13</subfield>
    <subfield code="r">2025-02-15</subfield>
    <subfield code="s">2025-02-15</subfield>
    <subfield code="w">2024-10-17</subfield>
    <subfield code="y">BK</subfield>
  </datafield>
  <datafield tag="952" ind1=" " ind2=" ">
    <subfield code="0">0</subfield>
    <subfield code="1">0</subfield>
    <subfield code="2">ddc</subfield>
    <subfield code="4">0</subfield>
    <subfield code="7">0</subfield>
    <subfield code="a">TATCL</subfield>
    <subfield code="b">TATCL</subfield>
    <subfield code="c">GEN</subfield>
    <subfield code="d">2024-10-17</subfield>
    <subfield code="l">3</subfield>
    <subfield code="o">170 GAU</subfield>
    <subfield code="p">61303</subfield>
    <subfield code="r">2026-06-24</subfield>
    <subfield code="s">2025-09-19</subfield>
    <subfield code="w">2024-10-17</subfield>
    <subfield code="y">BK</subfield>
  </datafield>
  <datafield tag="952" ind1=" " ind2=" ">
    <subfield code="0">0</subfield>
    <subfield code="1">0</subfield>
    <subfield code="2">ddc</subfield>
    <subfield code="4">0</subfield>
    <subfield code="7">0</subfield>
    <subfield code="a">TATCL</subfield>
    <subfield code="b">TATCL</subfield>
    <subfield code="c">GEN</subfield>
    <subfield code="d">2024-10-17</subfield>
    <subfield code="l">2</subfield>
    <subfield code="o">170 GAU</subfield>
    <subfield code="p">61304</subfield>
    <subfield code="q">2025-10-18</subfield>
    <subfield code="r">2025-03-22</subfield>
    <subfield code="s">2025-03-22</subfield>
    <subfield code="w">2024-10-17</subfield>
    <subfield code="y">BK</subfield>
  </datafield>
  <datafield tag="952" ind1=" " ind2=" ">
    <subfield code="0">0</subfield>
    <subfield code="1">0</subfield>
    <subfield code="2">ddc</subfield>
    <subfield code="4">0</subfield>
    <subfield code="7">0</subfield>
    <subfield code="a">TATCL</subfield>
    <subfield code="b">TATCL</subfield>
    <subfield code="c">GEN</subfield>
    <subfield code="d">2024-10-17</subfield>
    <subfield code="l">1</subfield>
    <subfield code="o">170 GAU</subfield>
    <subfield code="p">61305</subfield>
    <subfield code="r">2026-05-13</subfield>
    <subfield code="s">2025-09-22</subfield>
    <subfield code="w">2024-10-17</subfield>
    <subfield code="y">BK</subfield>
  </datafield>
  <datafield tag="952" ind1=" " ind2=" ">
    <subfield code="0">0</subfield>
    <subfield code="1">0</subfield>
    <subfield code="2">ddc</subfield>
    <subfield code="4">0</subfield>
    <subfield code="7">0</subfield>
    <subfield code="a">TATCL</subfield>
    <subfield code="b">TATCL</subfield>
    <subfield code="c">GEN</subfield>
    <subfield code="d">2024-10-17</subfield>
    <subfield code="l">4</subfield>
    <subfield code="o">170 GAU</subfield>
    <subfield code="p">61306</subfield>
    <subfield code="r">2026-06-08</subfield>
    <subfield code="s">2026-02-10</subfield>
    <subfield code="w">2024-10-17</subfield>
    <subfield code="y">BK</subfield>
  </datafield>
  <datafield tag="952" ind1=" " ind2=" ">
    <subfield code="0">0</subfield>
    <subfield code="1">0</subfield>
    <subfield code="2">ddc</subfield>
    <subfield code="4">0</subfield>
    <subfield code="7">0</subfield>
    <subfield code="a">TATCL</subfield>
    <subfield code="b">TATCL</subfield>
    <subfield code="c">GEN</subfield>
    <subfield code="d">2024-10-17</subfield>
    <subfield code="l">2</subfield>
    <subfield code="o">170 GAU</subfield>
    <subfield code="p">61307</subfield>
    <subfield code="r">2026-03-07</subfield>
    <subfield code="s">2025-03-27</subfield>
    <subfield code="w">2024-10-17</subfield>
    <subfield code="y">BK</subfield>
  </datafield>
  <datafield tag="952" ind1=" " ind2=" ">
    <subfield code="0">0</subfield>
    <subfield code="1">0</subfield>
    <subfield code="2">ddc</subfield>
    <subfield code="4">0</subfield>
    <subfield code="7">0</subfield>
    <subfield code="a">TATCL</subfield>
    <subfield code="b">TATCL</subfield>
    <subfield code="c">GEN</subfield>
    <subfield code="d">2024-10-17</subfield>
    <subfield code="l">3</subfield>
    <subfield code="o">170 GAU</subfield>
    <subfield code="p">61308</subfield>
    <subfield code="r">2026-02-21</subfield>
    <subfield code="s">2025-09-18</subfield>
    <subfield code="w">2024-10-17</subfield>
    <subfield code="y">BK</subfield>
  </datafield>
  <datafield tag="952" ind1=" " ind2=" ">
    <subfield code="0">0</subfield>
    <subfield code="1">0</subfield>
    <subfield code="2">ddc</subfield>
    <subfield code="4">0</subfield>
    <subfield code="7">0</subfield>
    <subfield code="a">TATCL</subfield>
    <subfield code="b">TATCL</subfield>
    <subfield code="c">GEN</subfield>
    <subfield code="d">2024-10-17</subfield>
    <subfield code="l">2</subfield>
    <subfield code="o">170 GAU</subfield>
    <subfield code="p">61309</subfield>
    <subfield code="r">2026-06-08</subfield>
    <subfield code="s">2025-09-18</subfield>
    <subfield code="w">2024-10-17</subfield>
    <subfield code="y">BK</subfield>
  </datafield>
  <datafield tag="952" ind1=" " ind2=" ">
    <subfield code="0">0</subfield>
    <subfield code="1">0</subfield>
    <subfield code="2">ddc</subfield>
    <subfield code="4">0</subfield>
    <subfield code="7">0</subfield>
    <subfield code="a">TATCL</subfield>
    <subfield code="b">TATCL</subfield>
    <subfield code="c">GEN</subfield>
    <subfield code="d">2024-10-17</subfield>
    <subfield code="l">2</subfield>
    <subfield code="o">170 GAU</subfield>
    <subfield code="p">61310</subfield>
    <subfield code="r">2026-03-18</subfield>
    <subfield code="s">2025-09-19</subfield>
    <subfield code="w">2024-10-17</subfield>
    <subfield code="y">BK</subfield>
  </datafield>
  <datafield tag="952" ind1=" " ind2=" ">
    <subfield code="0">0</subfield>
    <subfield code="1">0</subfield>
    <subfield code="2">ddc</subfield>
    <subfield code="4">0</subfield>
    <subfield code="7">0</subfield>
    <subfield code="a">TATCL</subfield>
    <subfield code="b">TATCL</subfield>
    <subfield code="c">GEN</subfield>
    <subfield code="d">2024-10-17</subfield>
    <subfield code="l">3</subfield>
    <subfield code="o">170 GAU</subfield>
    <subfield code="p">61311</subfield>
    <subfield code="r">2026-06-08</subfield>
    <subfield code="s">2026-02-03</subfield>
    <subfield code="w">2024-10-17</subfield>
    <subfield code="y">BK</subfield>
  </datafield>
  <datafield tag="952" ind1=" " ind2=" ">
    <subfield code="0">0</subfield>
    <subfield code="1">0</subfield>
    <subfield code="2">ddc</subfield>
    <subfield code="4">0</subfield>
    <subfield code="7">0</subfield>
    <subfield code="a">TATCL</subfield>
    <subfield code="b">TATCL</subfield>
    <subfield code="c">GEN</subfield>
    <subfield code="d">2024-10-17</subfield>
    <subfield code="l">4</subfield>
    <subfield code="o">170 GAU</subfield>
    <subfield code="p">61312</subfield>
    <subfield code="q">2026-11-06</subfield>
    <subfield code="r">2026-04-10</subfield>
    <subfield code="s">2026-04-10</subfield>
    <subfield code="w">2024-10-17</subfield>
    <subfield code="y">BK</subfield>
  </datafield>
  <datafield tag="952" ind1=" " ind2=" ">
    <subfield code="0">0</subfield>
    <subfield code="1">0</subfield>
    <subfield code="2">ddc</subfield>
    <subfield code="4">0</subfield>
    <subfield code="7">0</subfield>
    <subfield code="a">TATCL</subfield>
    <subfield code="b">TATCL</subfield>
    <subfield code="c">GEN</subfield>
    <subfield code="d">2024-10-17</subfield>
    <subfield code="l">3</subfield>
    <subfield code="o">170 GAU</subfield>
    <subfield code="p">61313</subfield>
    <subfield code="q">2026-09-01</subfield>
    <subfield code="r">2026-02-03</subfield>
    <subfield code="s">2026-02-03</subfield>
    <subfield code="w">2024-10-17</subfield>
    <subfield code="y">BK</subfield>
  </datafield>
  <datafield tag="952" ind1=" " ind2=" ">
    <subfield code="0">0</subfield>
    <subfield code="1">0</subfield>
    <subfield code="2">ddc</subfield>
    <subfield code="4">0</subfield>
    <subfield code="7">0</subfield>
    <subfield code="a">TATCL</subfield>
    <subfield code="b">TATCL</subfield>
    <subfield code="c">GEN</subfield>
    <subfield code="d">2024-10-17</subfield>
    <subfield code="l">4</subfield>
    <subfield code="o">170 GAU</subfield>
    <subfield code="p">61314</subfield>
    <subfield code="r">2026-06-08</subfield>
    <subfield code="s">2026-02-09</subfield>
    <subfield code="w">2024-10-17</subfield>
    <subfield code="y">BK</subfield>
  </datafield>
  <datafield tag="952" ind1=" " ind2=" ">
    <subfield code="0">0</subfield>
    <subfield code="1">0</subfield>
    <subfield code="2">ddc</subfield>
    <subfield code="4">0</subfield>
    <subfield code="7">0</subfield>
    <subfield code="a">TATCL</subfield>
    <subfield code="b">TATCL</subfield>
    <subfield code="c">GEN</subfield>
    <subfield code="d">2024-10-17</subfield>
    <subfield code="l">3</subfield>
    <subfield code="o">170 GAU</subfield>
    <subfield code="p">61315</subfield>
    <subfield code="r">2026-03-05</subfield>
    <subfield code="s">2025-11-17</subfield>
    <subfield code="w">2024-10-17</subfield>
    <subfield code="y">BK</subfield>
  </datafield>
  <datafield tag="952" ind1=" " ind2=" ">
    <subfield code="0">0</subfield>
    <subfield code="1">0</subfield>
    <subfield code="2">ddc</subfield>
    <subfield code="4">0</subfield>
    <subfield code="7">0</subfield>
    <subfield code="a">TATCL</subfield>
    <subfield code="b">TATCL</subfield>
    <subfield code="c">GEN</subfield>
    <subfield code="d">2024-10-17</subfield>
    <subfield code="l">1</subfield>
    <subfield code="o">170 GAU</subfield>
    <subfield code="p">61316</subfield>
    <subfield code="q">2026-04-17</subfield>
    <subfield code="r">2025-09-19</subfield>
    <subfield code="s">2025-09-19</subfield>
    <subfield code="w">2024-10-17</subfield>
    <subfield code="y">BK</subfield>
  </datafield>
  <datafield tag="952" ind1=" " ind2=" ">
    <subfield code="0">0</subfield>
    <subfield code="1">0</subfield>
    <subfield code="2">ddc</subfield>
    <subfield code="4">0</subfield>
    <subfield code="7">0</subfield>
    <subfield code="a">TATCL</subfield>
    <subfield code="b">TATCL</subfield>
    <subfield code="c">GEN</subfield>
    <subfield code="d">2024-10-17</subfield>
    <subfield code="l">2</subfield>
    <subfield code="o">170 GAU</subfield>
    <subfield code="p">61317</subfield>
    <subfield code="r">2026-04-30</subfield>
    <subfield code="s">2025-09-19</subfield>
    <subfield code="w">2024-10-17</subfield>
    <subfield code="y">BK</subfield>
  </datafield>
  <datafield tag="952" ind1=" " ind2=" ">
    <subfield code="0">0</subfield>
    <subfield code="1">0</subfield>
    <subfield code="2">ddc</subfield>
    <subfield code="4">0</subfield>
    <subfield code="7">0</subfield>
    <subfield code="a">TATCL</subfield>
    <subfield code="b">TATCL</subfield>
    <subfield code="c">GEN</subfield>
    <subfield code="d">2024-10-17</subfield>
    <subfield code="l">4</subfield>
    <subfield code="o">170 GAU</subfield>
    <subfield code="p">61318</subfield>
    <subfield code="r">2026-03-18</subfield>
    <subfield code="s">2025-09-17</subfield>
    <subfield code="w">2024-10-17</subfield>
    <subfield code="y">BK</subfield>
  </datafield>
  <datafield tag="952" ind1=" " ind2=" ">
    <subfield code="0">0</subfield>
    <subfield code="1">0</subfield>
    <subfield code="2">ddc</subfield>
    <subfield code="4">0</subfield>
    <subfield code="7">0</subfield>
    <subfield code="a">TATCL</subfield>
    <subfield code="b">TATCL</subfield>
    <subfield code="c">GEN</subfield>
    <subfield code="d">2024-10-17</subfield>
    <subfield code="l">2</subfield>
    <subfield code="o">170 GAU</subfield>
    <subfield code="p">61319</subfield>
    <subfield code="q">2025-09-10</subfield>
    <subfield code="r">2025-02-12</subfield>
    <subfield code="s">2025-02-12</subfield>
    <subfield code="w">2024-10-17</subfield>
    <subfield code="y">BK</subfield>
  </datafield>
  <datafield tag="952" ind1=" " ind2=" ">
    <subfield code="0">0</subfield>
    <subfield code="1">0</subfield>
    <subfield code="2">ddc</subfield>
    <subfield code="4">0</subfield>
    <subfield code="7">0</subfield>
    <subfield code="a">TATCL</subfield>
    <subfield code="b">TATCL</subfield>
    <subfield code="c">GEN</subfield>
    <subfield code="d">2024-10-17</subfield>
    <subfield code="l">2</subfield>
    <subfield code="o">170 GAU</subfield>
    <subfield code="p">61320</subfield>
    <subfield code="q">2025-09-05</subfield>
    <subfield code="r">2025-02-07</subfield>
    <subfield code="s">2025-02-07</subfield>
    <subfield code="w">2024-10-17</subfield>
    <subfield code="y">BK</subfield>
  </datafield>
  <datafield tag="952" ind1=" " ind2=" ">
    <subfield code="0">0</subfield>
    <subfield code="1">0</subfield>
    <subfield code="2">ddc</subfield>
    <subfield code="4">0</subfield>
    <subfield code="7">0</subfield>
    <subfield code="a">TATCL</subfield>
    <subfield code="b">TATCL</subfield>
    <subfield code="c">GEN</subfield>
    <subfield code="d">2024-10-17</subfield>
    <subfield code="l">3</subfield>
    <subfield code="o">170 GAU</subfield>
    <subfield code="p">61321</subfield>
    <subfield code="r">2026-04-30</subfield>
    <subfield code="s">2025-09-19</subfield>
    <subfield code="w">2024-10-17</subfield>
    <subfield code="y">BK</subfield>
  </datafield>
  <datafield tag="952" ind1=" " ind2=" ">
    <subfield code="0">0</subfield>
    <subfield code="1">0</subfield>
    <subfield code="2">ddc</subfield>
    <subfield code="4">0</subfield>
    <subfield code="7">0</subfield>
    <subfield code="a">TATCL</subfield>
    <subfield code="b">TATCL</subfield>
    <subfield code="c">GEN</subfield>
    <subfield code="d">2024-10-17</subfield>
    <subfield code="l">3</subfield>
    <subfield code="o">170 GAU</subfield>
    <subfield code="p">61322</subfield>
    <subfield code="q">2026-09-07</subfield>
    <subfield code="r">2026-02-09</subfield>
    <subfield code="s">2026-02-09</subfield>
    <subfield code="w">2024-10-17</subfield>
    <subfield code="y">BK</subfield>
  </datafield>
  <datafield tag="952" ind1=" " ind2=" ">
    <subfield code="0">0</subfield>
    <subfield code="1">0</subfield>
    <subfield code="2">ddc</subfield>
    <subfield code="4">0</subfield>
    <subfield code="7">0</subfield>
    <subfield code="a">TATCL</subfield>
    <subfield code="b">TATCL</subfield>
    <subfield code="c">GEN</subfield>
    <subfield code="d">2024-10-17</subfield>
    <subfield code="l">3</subfield>
    <subfield code="o">170 GAU</subfield>
    <subfield code="p">61323</subfield>
    <subfield code="r">2026-05-12</subfield>
    <subfield code="s">2025-09-17</subfield>
    <subfield code="w">2024-10-17</subfield>
    <subfield code="y">BK</subfield>
  </datafield>
  <datafield tag="952" ind1=" " ind2=" ">
    <subfield code="0">0</subfield>
    <subfield code="1">0</subfield>
    <subfield code="2">ddc</subfield>
    <subfield code="4">0</subfield>
    <subfield code="7">0</subfield>
    <subfield code="a">TATCL</subfield>
    <subfield code="b">TATCL</subfield>
    <subfield code="c">GEN</subfield>
    <subfield code="d">2024-10-17</subfield>
    <subfield code="l">1</subfield>
    <subfield code="o">170 GAU</subfield>
    <subfield code="p">61324</subfield>
    <subfield code="q">2026-04-17</subfield>
    <subfield code="r">2025-09-19</subfield>
    <subfield code="s">2025-09-19</subfield>
    <subfield code="w">2024-10-17</subfield>
    <subfield code="y">BK</subfield>
  </datafield>
  <datafield tag="952" ind1=" " ind2=" ">
    <subfield code="0">0</subfield>
    <subfield code="1">0</subfield>
    <subfield code="2">ddc</subfield>
    <subfield code="4">0</subfield>
    <subfield code="7">0</subfield>
    <subfield code="a">TATCL</subfield>
    <subfield code="b">TATCL</subfield>
    <subfield code="c">GEN</subfield>
    <subfield code="d">2024-10-17</subfield>
    <subfield code="l">2</subfield>
    <subfield code="o">170 GAU</subfield>
    <subfield code="p">61325</subfield>
    <subfield code="r">2026-06-08</subfield>
    <subfield code="s">2025-09-19</subfield>
    <subfield code="w">2024-10-17</subfield>
    <subfield code="y">BK</subfield>
  </datafield>
  <datafield tag="999" ind1=" " ind2=" ">
    <subfield code="c">61103</subfield>
    <subfield code="d">61103</subfield>
  </datafield>
</record>
